{"text_format":"3","workbook":"xls","n_sheets":29,"sheets":["B.1 工程项目招标控制价封面(封-2)","C.2 工程项目招标控制价扉页(扉-2)","D 工程项目计价总说明(表-01)","E.1 建设项目招标控制价汇总表(表-02)","E.2 单项工程招标控制价汇总表(表-03)【学院食堂职工宿~","E.3 单位工程招标控制价汇总表(表-04)【学院食堂职工宿~","F.1.1 分部分项工程和单价措施项目清单与计价表(表-08~","F.2.1 分部分项工程清单综合单价分析表(分页)(表-09~","F.2.2 措施项目清单综合单价分析表(分页)(表-09-1~","F.4 总价措施项目清单计价表(表-11)【学院食堂职工宿舍~","G.1 其他项目清单计价汇总表(表-12)【学院食堂职工宿舍~","G.2 暂列金额明细表(表-12-1)【学院食堂职工宿舍维修~","G.5 计日工表(表-12-4)【学院食堂职工宿舍维修改造‖~","H 规费、税金项目清单计价表(表-13)【学院食堂职工宿舍维~","L.1 发包人提供主要材料和工程设备一览表(表-20)【学院~","L.2 承包人提供主要材料和工程设备一览表(表-21)【学院~","L.3 承包人提供主要材料和工程设备一览表(表-22)【学院~","E.3 单位工程招标控制价汇总表(表-04)【学院食堂职工~1","F.1.1 分部分项工程和单价措施项目清单与计价表(表-0~1","F.2.1 分部分项工程清单综合单价分析表(分页)(表-0~1","F.2.2 措施项目清单综合单价分析表(分页)(表-09-~1","F.4 总价措施项目清单计价表(表-11)【学院食堂职工宿~1","G.1 其他项目清单计价汇总表(表-12)【学院食堂职工宿~1","G.2 暂列金额明细表(表-12-1)【学院食堂职工宿舍维~1","G.5 计日工表(表-12-4)【学院食堂职工宿舍维修改造~1","H 规费、税金项目清单计价表(表-13)【学院食堂职工宿舍~1","L.1 发包人提供主要材料和工程设备一览表(表-20)【学~1","L.2 承包人提供主要材料和工程设备一览表(表-21)【学~1","L.3 承包人提供主要材料和工程设备一览表(表-22)【学~1"],"read":"whole","date_system":"1900","formulas":"cached_only"}

{"sheet":"B.1 工程项目招标控制价封面(封-2)","index":0,"n_rows":8,"n_cols":7,"rows_kept":8,"merged":[[0,1,0,5],[1,0,1,6],[2,0,2,2],[2,4,2,6],[3,0,3,6],[4,0,4,1],[4,2,4,4],[4,5,4,6],[5,0,5,6],[6,0,6,6],[7,0,7,6]],"flags":["formulas_cached_only"]}
["","四川警院校园维修项目","","","","","工程"]
["招标控制价","","","","","",""]
["招  标  人:","","","四川司法警官职业学院","","",""]
["         （单位盖章）","","","","","",""]
["造价咨询人:",""," ","","","",""]
["          (单位盖章)\r\n","","","","","",""]
["2018.1.20","","","","","",""]
["封-2","","","","","",""]

{"sheet":"C.2 工程项目招标控制价扉页(扉-2)","index":1,"n_rows":13,"n_cols":23,"rows_kept":13,"merged":[[0,0,0,4],[0,5,0,19],[0,20,0,22],[1,0,1,22],[2,0,2,5],[2,6,2,21],[3,0,4,5],[3,6,4,20],[3,21,4,22],[5,0,5,2],[5,3,5,6],[5,7,5,13],[5,14,5,17],[5,18,5,22],[6,1,6,7],[6,8,6,14],[6,15,6,22],[7,0,7,1],[7,2,7,8],[7,9,7,12],[7,13,7,16],[7,17,7,22],[8,0,8,2],[8,3,8,8],[8,9,8,15],[8,16,8,22],[9,0,9,1],[9,2,9,7],[9,8,9,11],[9,12,9,16],[9,17,9,22],[10,1,10,9],[10,10,10,15],[10,16,10,22],[11,0,11,3],[11,4,11,10],[11,11,11,18],[11,19,11,22],[12,0,12,22]],"flags":["formulas_cached_only"]}
["","","","","","四川警院校园维修项目","","","","","","","","","","","","","","","工程","",""]
["招 标 控 制 价","","","","","","","","","","","","","","","","","","","","","",""]
["招标控制价(小写):","","","","","","196945元","","","","","","","","","","","","","","","",""]
["(大写):","","","","","","零拾(亿)零亿零仟(万)零佰(万)壹拾(万)玖万陆仟玖佰肆拾伍元","","","","","","","","","","","","","","","",""]
["","","","","","","","","","","","","","","","","","","","","","",""]
["招　标　人:","","","四川司法警官职业学院","","","","","","","","","","","造价咨询人:","","",""," ","","","",""]
["","(单位盖章)","","","","","","","","","","","","","","(单位资质专用章)","","","","","","",""]
["法定代表人\r\n或其授权人:",""," ","","","","","","","","","","","法定代表人\r\n或其授权人:","","",""," ","","","","",""]
["       ","","","(签字或盖章)","","","","","","","","","","","","","(签字或盖章)","","","","","",""]
["编　制　人:","","陈苹苹","","","","","","","","","","复　核　人:","","","",""," ","","","","",""]
["","(造价人员签字盖专用章)","","","","","","","","","","","","","","","(造价工程师签字盖专用章)","","","","","",""]
["编 制 时 间:","","","","2018.1.20","","","","","","","复 核 时 间:","","","","","","",""," ","","",""]
["扉-2    ","","","","","","","","","","","","","","","","","","","","","",""]

{"sheet":"D 工程项目计价总说明(表-01)","index":2,"n_rows":12,"n_cols":3,"rows_kept":12,"merged":[[0,0,0,2],[2,0,2,2],[3,0,3,2],[4,0,4,2],[5,0,5,2],[6,0,6,2],[7,0,7,2],[8,0,8,2],[9,0,9,2],[10,0,10,2],[11,0,11,2]],"flags":["formulas_cached_only"]}
["总   说   明","",""]
["工程名称：","四川警院校园维修项目",""]
["1.工程概况","",""]
[" 本工程为校园维修改造项目，具体涉及到相关部位的地面、天棚、内外装饰装修、水电线路改造等内容，具体做法详见施工图及设计说明。","",""]
["2.工程招标和分包范围","",""]
["（1）工程招标范围：本工程施工图范围内的建筑与装饰装修工程、安装工程，详见招标工程量清单；\r\n（2）分包范围：无分包工程。","",""]
["3.招标控制价编制依据","",""]
["（1）GB50500-2013《建设工程工程量清单计价规范》\r\n（2）GB50854-2013《房屋建筑与装饰工程工程量计算规范》\rGB50856-2013《通用安装工程工程量计算规范》\n（3）2015《四川省建设工程工程量清单计价定额》\n（4）本工程施工图纸\r\n（5）与本工程有关的标准（包括标准图集）、规范、技术资料\r\n（6）招标文件、补充通知\r\n（7）其他有关文件、资料","",""]
["4.工程质量、材料、施工等的特殊要求","",""]
["工程质量、材料、施工等符合四川省施工质量验收规范的相关要求","",""]
["5.其他需说明的问题","",""]
["(1)施工现场情况:以现场踏諧情况为准\r\n(2)交通运输情况:以现场踏勘情况为准\r\n(3)自然地理条件:本工程位于某市某县。\r\n(4)环境保护要求:满足省、市及当地政府对环境保护的相关要求和规定\r\n(5)本工程投标报价按《建设工程工程量清单计价规范》、《房屋建筑与装饰工程工程量计算规范》的规定及要求,使用表格及格式按《建设工程工程量清单计价规范》要求执行,有更正的以勘误和解释为准。\r\n(6)工程量清单中每一个项目,都需填入综合单价及合价,对于没有填入综合单价及合价的项目,不同单单项及单位工程中的分部分项工程量清单中相同项目(项目特征及工作内容相同)的报价应统一,如有差异,按最低一个报价进行结算。\r\n(7)《承包人提供材料和工程设备一延表)中的材料价格应与综合单价及《综合单价分析表》中的材料价格应一致。\r\n(8)本工程量清单中的分部分项工程量及措施项目工程量均是根据本工程施工图,按照“工程量计算规范的规定进行计算的,仅作为施工企业投标报价的共同基础,不能作为最终结算与支付价款的依据,工程量的变化调整以业主与承包商签字的合同约定为准,或按《建设工程工程量清单计价规范》有关规定执行。\r\n(9)工程量清单及其计价格式中的任何内容不得随意删除或涂改,若有错误,在招标答疑时及时提出，以“补遗”资料为准。\r\n(10)分部分项工程量清单中对工程项目的项目特征及具体做法只作重点描述,详细情况见施工图设计、技术说明及相关标准图集。组价时应结合投标人现场勘察情况包括完成所有工序工作内容的全部费用。\r\n(11)投标人应充分考虑施工现场周边的实际情况对施工的影响,编制施工方案,并作出报价。\r\n(12)暂列金额为:20000.00元\r\n(13)本说明未尽事项,以计价规范、工程量计算规范、计价管理办法、招标文件以及有关的法律、法规、建设行政主管部门颁发的文件为准\r\n","",""]

{"sheet":"E.1 建设项目招标控制价汇总表(表-02)","index":3,"n_rows":6,"n_cols":6,"rows_kept":6,"merged":[[0,0,0,5],[1,1,1,2],[1,3,1,5],[2,0,3,0],[2,1,3,1],[2,2,3,2],[2,3,2,5],[5,0,5,1]],"flags":["formulas_cached_only"]}
["建设项目招标控制价汇总表","","","","",""]
["工程名称：","四川警院校园维修项目","","","",""]
["序号","单项工程名称 ","金额（元）","其中: (元)","",""]
["","","","暂估价","安全文明\r\n  施工费  ","规费"]
[" ","学院食堂职工宿舍维修改造",196944.94," ",12045.38,8862.1]
["合　　计","",196945," ",12045.38,8862.1]

{"sheet":"E.2 单项工程招标控制价汇总表(表-03)【学院食堂职工宿~","index":4,"n_rows":7,"n_cols":7,"rows_kept":7,"merged":[[0,0,0,6],[1,0,1,1],[1,2,1,3],[1,4,1,6],[2,0,3,0],[2,1,3,2],[2,3,3,3],[2,4,2,6],[4,1,4,2],[5,1,5,2],[6,0,6,2]],"flags":["formulas_cached_only"]}
["单项工程招标控制价汇总表","","","","","",""]
["工程名称：","","四川警院校园维修项目","","","",""]
["序号","单位工程名称 ","","金额（元）","其中:(元)","",""]
["","","","","暂估价","安全文明\r\n 施工费 ","规费"]
["1","建筑与装饰工程","",172153.26,0,10997.15,7722.72]
["2","安装工程","",24791.68,0,1048.23,1139.38]
["合　　计","","",196944.94," ",12045.38,8862.1]

{"sheet":"E.3 单位工程招标控制价汇总表(表-04)【学院食堂职工宿~","index":5,"n_rows":25,"n_cols":5,"rows_kept":25,"merged":[[0,0,0,4],[1,0,1,1],[2,1,2,2],[3,1,3,2],[4,1,4,2],[5,1,5,2],[6,1,6,2],[7,1,7,2],[8,1,8,2],[9,1,9,2],[10,1,10,2],[11,1,11,2],[12,1,12,2],[13,1,13,2],[14,1,14,2],[15,1,15,2],[16,1,16,2],[17,1,17,2],[18,1,18,2],[19,1,19,2],[20,1,20,2],[21,1,21,2],[22,1,22,2],[23,1,23,2],[24,0,24,2]],"flags":["formulas_cached_only"]}
["单位工程招标控制价汇总表","","","",""]
["工程名称：","","四川警院校园维修项目【建筑与装饰工程】","标段：",""]
["序号","汇总内容","","金  额（元）","其中:暂估价(元)"]
["1","分部分项及单价措施项目","",120111.96," "]
[" ","土石方工程","",1994.46," "]
[" ","砌筑工程","",25726.92," "]
[" ","门窗工程","",17363.05," "]
[" ","楼地面装饰工程","",7664.88," "]
[" ","墙、柱面装饰与隔断、幕墙工程","",10252.02," "]
[" ","天棚工程","",5399.73," "]
[" ","油漆、涂料、裱糊工程","",32790.07," "]
[" ","拆除工程","",16958.38," "]
["2","总价措施项目","",10997.15,"-"]
["2.1","其中：安全文明施工费","",10997.15,"-"]
["3","其他项目","",16261.2,"-"]
["3.1","其中：暂列金额","",15000,"-"]
["3.2","其中：专业工程暂估价",""," ","-"]
["3.3","其中：计日工","",1261.2,"-"]
["3.4","其中：总承包服务费",""," ","-"]
["4","规费","",7722.72,"-"]
["5","创优质工程奖补偿奖励费",""," ","-"]
["6","税前工程造价","",155093.03,"-"]
["6.1","其中：甲供材料（设备）费",""," ","-"]
["7","销项增值税额","",17060.23,"-"]
[" 招标控制价/投标报价总价合计=税前工程造价+销项增值税额","","",172153.26," "]

{"sheet":"F.1.1 分部分项工程和单价措施项目清单与计价表(表-08~","index":6,"n_rows":69,"n_cols":11,"rows_kept":69,"merged":[[0,0,0,10],[1,0,1,1],[1,2,1,6],[1,7,1,8],[1,9,1,10],[2,0,4,0],[2,1,4,2],[2,3,4,3],[2,4,4,4],[2,5,4,5],[2,6,4,7],[2,8,2,10],[3,8,4,8],[3,9,4,9],[5,1,5,2],[5,3,5,4],[5,6,5,7],[6,1,6,2],[6,6,6,7],[7,1,7,2],[7,6,7,7],[8,1,8,2],[8,6,8,7],[9,1,9,2],[9,3,9,4],[9,6,9,7],[10,1,10,2],[10,3,10,4],[10,6,10,7],[11,1,11,2],[11,6,11,7],[12,1,12,2],[12,6,12,7],[13,1,13,2],[13,6,13,7],[14,1,14,2],[14,6,14,7],[15,1,15,2],[15,6,15,7],[16,1,16,2],[16,6,16,7],[17,1,17,2],[17,3,17,4],[17,6,17,7],[18,1,18,2],[18,3,18,4],[18,6,18,7],[19,1,19,2],[19,6,19,7],[20,1,20,2],[20,6,20,7],[21,1,21,2],[21,3,21,4],[21,6,21,7],[22,1,22,2],[22,3,22,4],[22,6,22,7],[23,1,23,2],[23,6,23,7],[24,1,24,2],[24,6,24,7],[25,1,25,2],[25,6,25,7],[26,1,26,2],[26,3,26,4],[26,6,26,7],[27,1,27,2],[27,3,27,4],[27,6,27,7],[28,1,28,2],[28,6,28,7],[29,1,29,2],[29,6,29,7],[30,1,30,2],[30,6,30,7],[31,1,31,2],[31,6,31,7],[32,1,32,2],[32,6,32,7],[33,1,33,2],[33,6,33,7],[34,1,34,2],[34,3,34,4],[34,6,34,7],[35,1,35,2],[35,3,35,4],[35,6,35,7],[36,1,36,2],[36,6,36,7],[37,1,37,2],[37,6,37,7],[38,1,38,2],[38,3,38,4],[38,6,38,7],[39,1,39,2],[39,3,39,4],[39,6,39,7],[40,1,40,2],[40,6,40,7],[41,1,41,2],[41,6,41,7],[42,1,42,2],[42,6,42,7],[43,1,43,2],[43,6,43,7],[44,1,44,2],[44,6,44,7],[45,1,45,2],[45,3,45,4],[45,6,45,7],[46,1,46,2],[46,3,46,4],[46,6,46,7],[47,1,47,2],[47,6,47,7],[48,1,48,2],[48,6,48,7],[49,1,49,2],[49,6,49,7],[50,1,50,2],[50,6,50,7],[51,1,51,2],[51,6,51,7],[52,1,52,2],[52,6,52,7],[53,1,53,2],[53,6,53,7],[54,1,54,2],[54,6,54,7],[55,1,55,2],[55,6,55,7],[56,1,56,2],[56,6,56,7],[57,1,57,2],[57,6,57,7],[58,1,58,2],[58,6,58,7],[59,1,59,2],[59,6,59,7],[60,1,60,2],[60,3,60,4],[60,6,60,7],[61,1,61,2],[61,3,61,4],[61,6,61,7],[62,1,62,2],[62,3,62,4],[62,6,62,7],[63,1,63,2],[63,6,63,7],[64,1,64,2],[64,3,64,4],[64,6,64,7],[65,1,65,2],[65,3,65,4],[65,6,65,7],[66,1,66,2],[66,3,66,4],[66,6,66,7],[67,1,67,2],[67,3,67,4],[67,6,67,7],[68,0,68,8]],"flags":["formulas_cached_only"]}
["分部分项工程和单价措施项目清单与计价表","","","","","","","","","",""]
["工程名称：","","四川警院校园维修项目【建筑与装饰工程】","","","","","标段：","","",""]
["序号","项目编码","","项目名称","项目特征","计量\r\n单位","工程\r\n量","","金额（元）","",""]
["","","","","","","","","综合单价","合价","其   中"]
["","","","","","","","","","","暂估价"]
[" "," ","","土石方工程 ",""," "," ",""," "," "," "]
["1","010101007039","","管沟土方","1.土壤类别：三类土 \r\n2.管外径：800mm \r\n3.挖沟深度：1200mm \r\n4.回填要求：满足规范要求","m3",65.78,"",23.95,1575.43,""]
["2","010103001040","","回填方","1.土质要求：一般土壤\r\n2.密实度要求：按规范要求，夯填\r\n3.运距：投标人自行考虑","m3",15.78,"",6.59,103.99,""]
["3","010103002029","","建渣清运","1.废弃料品种 ：建渣\r\n2.运距：5KM","m3",55.66,"",5.66,315.04,""]
[" "," ","","分部小计 ",""," "," ",""," ",1994.46," "]
[" "," ","","砌筑工程 ",""," "," ",""," "," "," "]
["4","010401003042","","实心砖墙","1.砖品种、规格、强度等级：240*115*53页岩标准砖 \r\n2.墙体类型：女儿墙 \r\n3.砂浆强度等级、配合比：M5混合砂浆","m3",12.65,"",439.96,5565.49,""]
["5","010401004043","","多孔砖墙","1.砖品种、规格、强度等级：115*115*240多空装 \r\n2.墙体类型：围墙 \r\n3.砂浆强度等级、配合比：M5混合砂浆","m3",22.95,"",315.41,7238.66,""]
["6","010401004044","","多孔砖墙","1.砖品种、规格、强度等级:KP1型240*115*90 \r\n2.墙体类型：围护墙 \r\n3.砂浆强度等级、配合比：M5混合砂浆","m3",28.33,"",320.07,9067.58,""]
["7","010401012041","","零星砌砖","1.零星砌砖名称、部位:花台、花池\r\n2.砖品种、规格、强度等级：240*115*53页岩标准砖 \r\n3.砂浆强度等级、配合比：M5水泥砂浆","m3",5.85,"",512.33,2997.13,""]
["8","010402001030","","砌块墙","1.砌块品种、规格、强度等级：石膏板600*600*150 \r\n2.墙体类型：房间隔墙 \r\n","m3",13.28,"",55.61,738.5,""]
["9","010402001031","","砌块墙","1.砌块品种、规格、强度等级：石膏砌块600*600*150 \r\n2.墙体类型：封门侧及门上口 \r\n","m3",2.15,"",55.61,119.56,""]
[" "," ","","分部小计 ",""," "," ",""," ",25726.92," "]
[" "," ","","门窗工程 ",""," "," ",""," "," "," "]
["10","010801001032","","木质门","1.门代号及洞口尺寸：M0921 \r\n2.镶嵌玻璃品种、厚度：普通玻璃5mm\r\n","m2",47.25,"",328.89,15540.05,""]
["11","010801006033","","门锁安装","1.锁品种 ：L型执手锁\r\n2.锁规格：普通","个(套)",25,"",72.92,1823,""]
[" "," ","","分部小计 ",""," "," ",""," ",17363.05," "]
[" "," ","","楼地面装饰工程 ",""," "," ",""," "," "," "]
["12","011101001045","","水泥砂浆楼地面","1.找平层厚度、砂浆配合比：20mm厚1:3水泥砂浆找平层 \r\n2.素水泥浆遍数 ：一遍\r\n3.面层厚度、砂浆配合比：25mm厚1:2水泥砂浆 \r\n4.面层做法要求：提浆压光","m2",15.33,"",38.02,582.85,""]
["13","011102003034","","块料楼地面","1.找平层厚度、砂浆配合比：1:3水泥砂浆20mm厚 \r\n2.结合层厚度、砂浆配合比：1:2水泥砂浆\r\n3.面层材料品种、规格、颜色：600*600浅色釉面砖 \r\n4.嵌缝材料种类：白水泥 \r\n5.防护层材料种类：按照规范要求 \r\n6.酸洗、打蜡要求：按照规范要求","m2",25.85,"",115.71,2991.1,""]
["14","011105003035","","块料踢脚线","1.踢脚线高度：100mm \r\n2.粘贴层厚度、材料种类：1:2水泥砂浆 \r\n3.面层材料品种、规格、颜色 ：300*300深色块料\r\n4.防护材料种类：按照规范要求","m2",33.59,"",121.79,4090.93,""]
[" "," ","","分部小计 ",""," "," ",""," ",7664.88," "]
[" "," ","","墙、柱面装饰与隔断、幕墙工程 ",""," "," ",""," "," "," "]
["15","011201001050","","墙面一般抹灰","1.墙体类型：砖内墙\r\n2.底层厚度、砂浆配合比：基层上刷素水泥浆一遍、9mm厚1:1:6混合砂浆打底、再抹7mm厚1:1:6混合砂浆\r\n3.面层厚度、砂浆配合比：5mm厚1:0.3:2.5混合砂浆罩面压光\r\n4.装饰面材料种类：满刮腻子胶二遍","m2",50.66,"",17.8,901.75,""]
["16","011201003051","","墙面勾缝","1.墙体类型：砖墙\r\n2.勾缝类型：加浆勾缝\r\n3.勾缝材料种类：1:1.5水泥砂浆","m2",18.64,"",6.7,124.89,""]
["17","011204003054","","块料墙面","1.墙体类型：混凝土基层\r\n2.底层厚度、砂浆配合比：刷界面处理剂、14mm厚1：3水泥砂浆打底\r\n3.贴结层厚度、材料种类：8mm厚1：0.15：2水泥石灰砂浆（内掺建筑胶）、好亦特粘结剂粘贴\r\n4.挂贴方式：粘贴\r\n6.面层材料品种、规格、品牌、颜色：灰色纸皮砖砖300mm×300mm\r\n7.缝宽、嵌缝材料种类：好亦特勾缝剂勾缝、缝宽5mm\r\n9.磨光、酸洗、打蜡：棉纱清洁表面","m2",15.88,"",118.26,1877.97,""]
["18","011204003054","","块料墙面","1.墙体类型：砖墙基层\r\n2.底层厚度、砂浆配合比：刷界面处理剂、14mm厚1：3水泥砂浆打底\r\n3.贴结层厚度、材料种类：8mm厚1：0.15：2水泥石灰砂浆（内掺建筑胶）、好亦特粘结剂粘贴\r\n4.挂贴方式：粘贴\r\n6.面层材料品种、规格、品牌、颜色：灰色纸皮砖砖300mm×300mm\r\n7.缝宽、嵌缝材料种类：好亦特勾缝剂勾缝、缝宽5mm\r\n9.磨光、酸洗、打蜡：棉纱清洁表面","m2",52.37,"",105.04,5500.94,""]
["19","011206002055","","块料零星项目","1.部位：花台外侧贴砖\r\n2.底层厚度、砂浆配合比：刷界面处理剂、14mm厚1：3水泥砂浆打底\r\n3.贴结层厚度、材料种类：8mm厚1：0.15：2水泥石灰砂浆（内掺建筑胶）\r\n4.挂贴方式：粘贴\r\n5.面层材料品种、规格、品牌、颜色：300mm×300mm白色釉面砖\r\n6.缝宽、嵌缝材料种类：勾缝剂勾缝、缝宽5mm\r\n7.磨光、酸洗、打蜡：棉纱清洁表面","m2",2.15,"",115.49,248.3,""]
["20","011210005052","","成品隔断","1.隔断材料品种、规格、颜色：高强度压缩板、蓝色","m2",8.55,"",186.92,1598.17,""]
[" "," ","","分部小计 ",""," "," ",""," ",10252.02," "]
[" "," ","","天棚工程 ",""," "," ",""," "," "," "]
["21","011301001046","","天棚抹灰","1.基层类型：混凝土屋面板 \r\n2.抹灰厚度、材料种类：混合砂浆21mm厚\r\n3.砂浆配合比：15mm厚1:0.3:3混合砂浆底\r\n              6mm厚1：0.5：2.5混合砂浆面层","m2",85.36,"",20.83,1778.05,""]
["22","011302001036","","吊顶天棚","1.吊顶形式：铝合金条板吊顶，平面\r\n2.龙骨材料种类、规格、中距：φ8钢筋吊杆、双向吊点、中距900mm。铝合金条板专用龙骨，中距900mm\r\n3.面层材料品种、规格、品牌、颜色：白色0.5mm厚铝合金条板（闭缝）","m2",25.33,"",142.98,3621.68,""]
[" "," ","","分部小计 ",""," "," ",""," ",5399.73," "]
[" "," ","","油漆、涂料、裱糊工程 ",""," "," ",""," "," "," "]
["23","011401001047","","木门油漆","1.门类型：复合材质木门 \r\n2.腻子种类：普通腻子膏 \r\n3.刮腻子遍数：两遍 \r\n4.防护材料种类：防火涂料 \r\n5.油漆品种、刷漆遍数：调和漆","m2",15.78,"",60.66,957.21,""]
["24","011402001048","","木窗油漆","1.窗类型：复合材质木窗 \r\n2.腻子种类：普通腻子膏 \r\n3.刮腻子遍数：两遍 \r\n4.防护材料种类：防火涂料 \r\n5.油漆品种、刷漆遍数：调和漆\r\n","m2",22.39,"",56.66,1268.62,""]
["25","011403001049","","木扶手油漆","1.断面尺寸：60*60 \r\n2.腻子种类：普通腻子膏 \r\n3.刮腻子遍数：两遍 \r\n4.防护材料种类：防火涂料 \r\n5.油漆品种、刷漆遍数：调和漆\r\n","m",55.65,"",12.68,705.64,""]
["26","011406001037","","抹灰面油漆","1.基层类型：砖墙 \r\n2.腻子种类 ：普通腻子膏\r\n3.刮腻子遍数：两遍 \r\n4.油漆品种、刷漆遍数：白色乳胶漆，两遍 \r\n6.部位：楼梯间墙面 ","m2",115,"",34.73,3993.95,""]
["27","011406001038","","抹灰面油漆","1.基层类型：普通抹灰面 \r\n2.腻子种类：普通腻子 \r\n3.刮腻子遍数 ：两遍\r\n4.涂料品种、刷漆遍数：仿瓷涂料两遍 \r\n5.部位：房间、走廊、墙面","m2",1035,"",24.99,25864.65,""]
[" "," ","","分部小计 ",""," "," ",""," ",32790.07," "]
[" "," ","","拆除工程 ",""," "," ",""," "," "," "]
["28","011601001001","","砖砌体拆除","1.砌体名称：卫生间隔墙 \r\n2.砌体材质：实心标准砖240*115*53 \r\n3.拆除高度：1.20m \r\n4.拆除砌体的截面尺寸：240*1000 \r\n5.砌体表面的附着物种类：防水墙砖","m3",12.68,"",67.79,859.58,""]
["29","011602001002","","混凝土构件拆除","1.构件名称：卫生间蹲位\r\n2.拆除构件的厚度或规格尺寸：300mm \r\n3.构件表面的附着物种类：防水地砖","m3",1.25,"",302.85,378.56,""]
["30","011604002005","","立面抹灰层拆除","1. 拆除部位：墙面 \r\n2. 抹灰层种类：普通混合砂浆抹灰\r\n","m2",205.65,"",16.2,3331.53,""]
["31","011604003006","","天棚抹灰面拆除","1. 拆除部位 \r\n2. 抹灰层种类","m2",58.36,"",22.44,1309.6,""]
["32","011605001007","","地面块料拆除","1.拆除的基层类型：普通水泥砂浆结合层\r\n2.饰面材料种类：马赛克","m2",28.95,"",21.65,626.77,""]
["33","011605002008","","踢脚线拆除","1.拆除的基层类型：砖砌体 \r\n2.饰面材料种类：瓷片踢脚线100mm高","m2"," ",""," ","",""]
["34","011607001012","","刚性层拆除","刚性层厚度：20mm","m2",12.56,"",19.44,244.17,""]
["35","011607002013","","防水层拆除","防水层种类：油膏纸","m2",385,"",8.08,3110.8,""]
["36","011608002015","","铲除涂料面","1.铲除部位名称：天篷、墙面 \r\n","m2",1175,"",4.44,5217,""]
["37","011609002018","","木质隔墙拆除","1.拆除隔墙的骨架种类：木龙骨 \r\n2.拆除隔墙的饰面种类：三合板","m2",86.46,"",8.5,734.91,""]
["38","011610001028","","木门窗拆除","1.室内高度 \r\n2.门窗洞口尺寸","m2",47.16,"",12.96,611.19,""]
["39","011612002024","","卫生洁具拆除","卫生洁具种类：蹲便器","套",2,"",82.51,165.02,""]
["40","011613001023","","灯具拆除","1拆除灯具高度：3m \r\n2.灯具种类：白炽灯","套",25,"",14.77,369.25,""]
[" "," ","","分部小计 ",""," "," ",""," ",16958.38," "]
[" "," ","","单价措施项目清单 ",""," "," ",""," "," "," "]
[" "," ","","脚手架工程 ",""," "," ",""," "," "," "]
["41","011701003001","","里脚手架","1．搭设方式：移动式 \r\n2．搭设高度 ：2.5-3.5\r\n3．脚手架材质：钢管扣件","m2",315,"",6.23,1962.45,""]
[" "," ","","分部小计 ",""," "," ",""," ",1962.45," "]
[" "," ","","垂直运输 ",""," "," ",""," "," "," "]
[" "," ","","分部小计 ",""," "," ",""," "," "," "]
[" "," ","","分部小计 ",""," "," ",""," ",1962.45," "]
["合　　计","","","","","","","","",120111.96,""]

{"sheet":"F.2.1 分部分项工程清单综合单价分析表(分页)(表-09~","index":7,"n_rows":648,"n_cols":12,"rows_kept":648,"merged":[[21,0,21,1],[24,0,27,0],[24,1,24,5],[25,1,25,5],[26,1,26,7],[27,1,27,7],[28,0,28,1],[28,2,28,3],[28,4,28,5],[28,6,28,7],[29,0,29,11],[30,0,31,0],[30,1,31,1],[30,2,31,2],[30,3,31,3],[30,4,30,7],[30,8,30,11],[34,0,34,1],[34,2,34,7],[35,0,35,1],[35,2,35,7],[35,8,35,11],[36,0,36,7],[36,8,36,11],[37,0,40,0],[37,1,37,5],[38,1,38,5],[39,1,39,7],[40,1,40,7],[41,0,41,1],[41,2,41,3],[41,4,41,5],[41,6,41,7],[42,0,42,11],[43,0,44,0],[43,1,44,1],[43,2,44,2],[43,3,44,3],[43,4,43,7],[43,8,43,11],[47,0,47,1],[47,2,47,7],[48,0,48,1],[48,2,48,7],[48,8,48,11],[49,0,49,7],[49,8,49,11],[50,0,58,0],[50,1,50,5],[51,1,51,5],[52,1,52,5],[53,1,53,5],[54,1,54,5],[55,1,55,5],[56,1,56,5],[57,1,57,7],[58,1,58,7],[59,0,59,1],[59,2,59,3],[59,4,59,5],[59,6,59,7],[60,0,60,11],[61,0,62,0],[61,1,62,1],[61,2,62,2],[61,3,62,3],[61,4,61,7],[61,8,61,11],[65,0,65,1],[65,2,65,7],[66,0,66,1],[66,2,66,7],[66,8,66,11],[67,0,67,7],[67,8,67,11],[68,0,77,0],[68,1,68,5],[69,1,69,5],[70,1,70,5],[71,1,71,5],[72,1,72,5],[73,1,73,5],[74,1,74,5],[75,1,75,5],[76,1,76,7],[77,1,77,7],[78,0,78,1],[78,2,78,3],[78,4,78,5],[78,6,78,7],[79,0,79,11],[80,0,81,0],[80,1,81,1],[80,2,81,2],[80,3,81,3],[80,4,80,7],[80,8,80,11],[84,0,84,1],[84,2,84,7],[85,0,85,1],[85,2,85,7],[85,8,85,11],[86,0,86,7],[86,8,86,11],[87,0,96,0],[87,1,87,5],[88,1,88,5],[89,1,89,5],[90,1,90,5],[91,1,91,5],[92,1,92,5],[93,1,93,5],[94,1,94,5],[95,1,95,7],[96,1,96,7],[97,0,97,1],[97,2,97,3],[97,4,97,5],[97,6,97,7],[98,0,98,11],[99,0,100,0],[99,1,100,1],[99,2,100,2],[99,3,100,3],[99,4,99,7],[99,8,99,11],[103,0,103,1],[103,2,103,7],[104,0,104,1],[104,2,104,7],[104,8,104,11],[105,0,105,7],[105,8,105,11],[106,0,113,0],[106,1,106,5],[107,1,107,5],[108,1,108,5],[109,1,109,5],[110,1,110,5],[111,1,111,5],[112,1,112,7],[113,1,113,7],[114,0,114,1],[114,2,114,3],[114,4,114,5],[114,6,114,7],[115,0,115,11],[116,0,117,0],[116,1,117,1],[116,2,117,2],[116,3,117,3],[116,4,116,7],[116,8,116,11],[120,0,120,1],[120,2,120,7],[121,0,121,1],[121,2,121,7],[121,8,121,11],[122,0,122,7],[122,8,122,11],[123,0,130,0],[123,1,123,5],[124,1,124,5],[125,1,125,5],[126,1,126,5],[127,1,127,5],[128,1,128,5],[129,1,129,7],[130,1,130,7],[131,0,131,1],[131,2,131,3],[131,4,131,5],[131,6,131,7],[132,0,132,11],[133,0,134,0],[133,1,134,1],[133,2,134,2],[133,3,134,3],[133,4,133,7],[133,8,133,11],[137,0,137,1],[137,2,137,7],[138,0,138,1],[138,2,138,7],[138,8,138,11],[139,0,139,7],[139,8,139,11],[140,0,147,0],[140,1,140,5],[141,1,141,5],[142,1,142,5],[143,1,143,5],[144,1,144,5],[145,1,145,5],[146,1,146,7],[147,1,147,7],[148,0,148,1],[148,2,148,3],[148,4,148,5],[148,6,148,7],[149,0,149,11],[150,0,151,0],[150,1,151,1],[150,2,151,2],[150,3,151,3],[150,4,150,7],[150,8,150,11],[154,0,154,1],[154,2,154,7],[155,0,155,1],[155,2,155,7],[155,8,155,11],[156,0,156,7],[156,8,156,11],[157,0,162,0],[157,1,157,5],[158,1,158,5],[159,1,159,5],[160,1,160,5],[161,1,161,7],[162,1,162,7],[163,0,163,1],[163,2,163,3],[163,4,163,5],[163,6,163,7],[164,0,164,11],[165,0,166,0],[165,1,166,1],[165,2,166,2],[165,3,166,3],[165,4,165,7],[165,8,165,11],[169,0,169,1],[169,2,169,7],[170,0,170,1],[170,2,170,7],[170,8,170,11],[171,0,171,7],[171,8,171,11],[172,0,175,0],[172,1,172,5],[173,1,173,5],[174,1,174,7],[175,1,175,7],[176,0,176,1],[176,2,176,3],[176,4,176,5],[176,6,176,7],[177,0,177,11],[178,0,179,0],[178,1,179,1],[178,2,179,2],[178,3,179,3],[178,4,178,7],[178,8,178,11],[182,0,182,1],[182,2,182,7],[183,0,183,1],[183,2,183,7],[183,8,183,11],[184,0,184,7],[184,8,184,11],[185,0,193,0],[185,1,185,5],[186,1,186,5],[187,1,187,5],[188,1,188,5],[189,1,189,5],[190,1,190,5],[191,1,191,5],[192,1,192,7],[193,1,193,7],[194,0,194,1],[194,2,194,3],[194,4,194,5],[194,6,194,7],[195,0,195,11],[196,0,197,0],[196,1,197,1],[196,2,197,2],[196,3,197,3],[196,4,196,7],[196,8,196,11],[200,0,200,1],[200,2,200,7],[201,0,201,1],[201,2,201,7],[201,8,201,11],[202,0,202,7],[202,8,202,11],[203,0,212,0],[203,1,203,5],[204,1,204,5],[205,1,205,5],[206,1,206,5],[207,1,207,5],[208,1,208,5],[209,1,209,5],[210,1,210,5],[211,1,211,7],[212,1,212,7],[213,0,213,1],[213,2,213,3],[213,4,213,5],[213,6,213,7],[214,0,214,11],[215,0,216,0],[215,1,216,1],[215,2,216,2],[215,3,216,3],[215,4,215,7],[215,8,215,11],[219,0,219,1],[219,2,219,7],[220,0,220,1],[220,2,220,7],[220,8,220,11],[221,0,221,7],[221,8,221,11],[222,0,230,0],[222,1,222,5],[223,1,223,5],[224,1,224,5],[225,1,225,5],[226,1,226,5],[227,1,227,5],[228,1,228,5],[229,1,229,7],[230,1,230,7],[231,0,231,1],[231,2,231,3],[231,4,231,5],[231,6,231,7],[232,0,232,11],[233,0,234,0],[233,1,234,1],[233,2,234,2],[233,3,234,3],[233,4,233,7],[233,8,233,11],[237,0,237,1],[237,2,237,7],[238,0,238,1],[238,2,238,7],[238,8,238,11],[239,0,239,7],[239,8,239,11],[240,0,248,0],[240,1,240,5],[241,1,241,5],[242,1,242,5],[243,1,243,5],[244,1,244,5],[245,1,245,5],[246,1,246,5],[247,1,247,7],[248,1,248,7],[249,0,249,1],[249,2,249,3],[249,4,249,5],[249,6,249,7],[250,0,250,11],[251,0,252,0],[251,1,252,1],[251,2,252,2],[251,3,252,3],[251,4,251,7],[251,8,251,11],[255,0,255,1],[255,2,255,7],[256,0,256,1],[256,2,256,7],[256,8,256,11],[257,0,257,7],[257,8,257,11],[258,0,264,0],[258,1,258,5],[259,1,259,5],[260,1,260,5],[261,1,261,5],[262,1,262,5],[263,1,263,7],[264,1,264,7],[265,0,265,1],[265,2,265,3],[265,4,265,5],[265,6,265,7],[266,0,266,11],[267,0,268,0],[267,1,268,1],[267,2,268,2],[267,3,268,3],[267,4,267,7],[267,8,267,11],[271,0,271,1],[271,2,271,7],[272,0,272,1],[272,2,272,7],[272,8,272,11],[273,0,273,7],[273,8,273,11],[274,0,283,0],[274,1,274,5],[275,1,275,5],[276,1,276,5],[277,1,277,5],[278,1,278,5],[279,1,279,5],[280,1,280,5],[281,1,281,5],[282,1,282,7],[283,1,283,7],[284,0,284,1],[284,2,284,3],[284,4,284,5],[284,6,284,7],[285,0,285,11],[286,0,287,0],[286,1,287,1],[286,2,287,2],[286,3,287,3],[286,4,286,7],[286,8,286,11],[290,0,290,1],[290,2,290,7],[291,0,291,1],[291,2,291,7],[291,8,291,11],[292,0,292,7],[292,8,292,11],[293,0,304,0],[293,1,293,5],[294,1,294,5],[295,1,295,5],[296,1,296,5],[297,1,297,5],[298,1,298,5],[299,1,299,5],[300,1,300,5],[301,1,301,5],[302,1,302,5],[303,1,303,7],[304,1,304,7],[305,0,305,1],[305,2,305,3],[305,4,305,5],[305,6,305,7],[306,0,306,11],[307,0,308,0],[307,1,308,1],[307,2,308,2],[307,3,308,3],[307,4,307,7],[307,8,307,11],[311,0,311,1],[311,2,311,7],[312,0,312,1],[312,2,312,7],[312,8,312,11],[313,0,313,7],[313,8,313,11],[314,0,325,0],[314,1,314,5],[315,1,315,5],[316,1,316,5],[317,1,317,5],[318,1,318,5],[319,1,319,5],[320,1,320,5],[321,1,321,5],[322,1,322,5],[323,1,323,5],[324,1,324,7],[325,1,325,7],[326,0,326,1],[326,2,326,3],[326,4,326,5],[326,6,326,7],[327,0,327,11],[328,0,329,0],[328,1,329,1],[328,2,329,2],[328,3,329,3],[328,4,328,7],[328,8,328,11],[332,0,332,1],[332,2,332,7],[333,0,333,1],[333,2,333,7],[333,8,333,11],[334,0,334,7],[334,8,334,11],[335,0,338,0],[335,1,335,5],[336,1,336,5],[337,1,337,7],[338,1,338,7],[339,0,339,1],[339,2,339,3],[339,4,339,5],[339,6,339,7],[340,0,340,11],[341,0,342,0],[341,1,342,1],[341,2,342,2],[341,3,342,3],[341,4,341,7],[341,8,341,11],[345,0,345,1],[345,2,345,7],[346,0,346,1],[346,2,346,7],[346,8,346,11],[347,0,347,7],[347,8,347,11],[348,0,358,0],[348,1,348,5],[349,1,349,5],[350,1,350,5],[351,1,351,5],[352,1,352,5],[353,1,353,5],[354,1,354,5],[355,1,355,5],[356,1,356,5],[357,1,357,7],[358,1,358,7],[359,0,359,1],[359,2,359,3],[359,4,359,5],[359,6,359,7],[360,0,360,11],[361,0,362,0],[361,1,362,1],[361,2,362,2],[361,3,362,3],[361,4,361,7],[361,8,361,11],[366,0,366,1],[366,2,366,7],[367,0,367,1],[367,2,367,7],[367,8,367,11],[368,0,368,7],[368,8,368,11],[369,0,377,0],[369,1,369,5],[370,1,370,5],[371,1,371,5],[372,1,372,5],[373,1,373,5],[374,1,374,5],[375,1,375,5],[376,1,376,7],[377,1,377,7],[378,0,378,1],[378,2,378,3],[378,4,378,5],[378,6,378,7],[379,0,379,11],[380,0,381,0],[380,1,381,1],[380,2,381,2],[380,3,381,3],[380,4,380,7],[380,8,380,11],[385,0,385,1],[385,2,385,7],[386,0,386,1],[386,2,386,7],[386,8,386,11],[387,0,387,7],[387,8,387,11],[388,0,395,0],[388,1,388,5],[389,1,389,5],[390,1,390,5],[391,1,391,5],[392,1,392,5],[393,1,393,5],[394,1,394,7],[395,1,395,7],[396,0,396,1],[396,2,396,3],[396,4,396,5],[396,6,396,7],[397,0,397,11],[398,0,399,0],[398,1,399,1],[398,2,399,2],[398,3,399,3],[398,4,398,7],[398,8,398,11],[403,0,403,1],[403,2,403,7],[404,0,404,1],[404,2,404,7],[404,8,404,11],[405,0,405,7],[405,8,405,11],[406,0,413,0],[406,1,406,5],[407,1,407,5],[408,1,408,5],[409,1,409,5],[410,1,410,5],[411,1,411,5],[412,1,412,7],[413,1,413,7],[414,0,414,1],[414,2,414,3],[414,4,414,5],[414,6,414,7],[415,0,415,11],[416,0,417,0],[416,1,417,1],[416,2,417,2],[416,3,417,3],[416,4,416,7],[416,8,416,11],[421,0,421,1],[421,2,421,7],[422,0,422,1],[422,2,422,7],[422,8,422,11],[423,0,423,7],[423,8,423,11],[424,0,431,0],[424,1,424,5],[425,1,425,5],[426,1,426,5],[427,1,427,5],[428,1,428,5],[429,1,429,5],[430,1,430,7],[431,1,431,7],[432,0,432,1],[432,2,432,3],[432,4,432,5],[432,6,432,7],[433,0,433,11],[434,0,435,0],[434,1,435,1],[434,2,435,2],[434,3,435,3],[434,4,434,7],[434,8,434,11],[439,0,439,1],[439,2,439,7],[440,0,440,1],[440,2,440,7],[440,8,440,11],[441,0,441,7],[441,8,441,11],[442,0,450,0],[442,1,442,5],[443,1,443,5],[444,1,444,5],[445,1,445,5],[446,1,446,5],[447,1,447,5],[448,1,448,5],[449,1,449,7],[450,1,450,7],[451,0,451,1],[451,2,451,3],[451,4,451,5],[451,6,451,7],[452,0,452,11],[453,0,454,0],[453,1,454,1],[453,2,454,2],[453,3,454,3],[453,4,453,7],[453,8,453,11],[458,0,458,1],[458,2,458,7],[459,0,459,1],[459,2,459,7],[459,8,459,11],[460,0,460,7],[460,8,460,11],[461,0,469,0],[461,1,461,5],[462,1,462,5],[463,1,463,5],[464,1,464,5],[465,1,465,5],[466,1,466,5],[467,1,467,5],[468,1,468,7],[469,1,469,7],[470,0,470,1],[470,2,470,3],[470,4,470,5],[470,6,470,7],[471,0,471,11],[472,0,473,0],[472,1,473,1],[472,2,473,2],[472,3,473,3],[472,4,472,7],[472,8,472,11],[476,0,476,1],[476,2,476,7],[477,0,477,1],[477,2,477,7],[477,8,477,11],[478,0,478,7],[478,8,478,11],[479,0,482,0],[479,1,479,5],[480,1,480,5],[481,1,481,7],[482,1,482,7],[483,0,483,1],[483,2,483,3],[483,4,483,5],[483,6,483,7],[484,0,484,11],[485,0,486,0],[485,1,486,1],[485,2,486,2],[485,3,486,3],[485,4,485,7],[485,8,485,11],[489,0,489,1],[489,2,489,7],[490,0,490,1],[490,2,490,7],[490,8,490,11],[491,0,491,7],[491,8,491,11],[492,0,495,0],[492,1,492,5],[493,1,493,5],[494,1,494,7],[495,1,495,7],[496,0,496,1],[496,2,496,3],[496,4,496,5],[496,6,496,7],[497,0,497,11],[498,0,499,0],[498,1,499,1],[498,2,499,2],[498,3,499,3],[498,4,498,7],[498,8,498,11],[502,0,502,1],[502,2,502,7],[503,0,503,1],[503,2,503,7],[503,8,503,11],[504,0,504,7],[504,8,504,11],[505,0,508,0],[505,1,505,5],[506,1,506,5],[507,1,507,7],[508,1,508,7],[509,0,509,1],[509,2,509,3],[509,4,509,5],[509,6,509,7],[510,0,510,11],[511,0,512,0],[511,1,512,1],[511,2,512,2],[511,3,512,3],[511,4,511,7],[511,8,511,11],[515,0,515,1],[515,2,515,7],[516,0,516,1],[516,2,516,7],[516,8,516,11],[517,0,517,7],[517,8,517,11],[518,0,521,0],[518,1,518,5],[519,1,519,5],[520,1,520,7],[521,1,521,7],[522,0,522,1],[522,2,522,3],[522,4,522,5],[522,6,522,7],[523,0,523,11],[524,0,525,0],[524,1,525,1],[524,2,525,2],[524,3,525,3],[524,4,524,7],[524,8,524,11],[528,0,528,1],[528,2,528,7],[529,0,529,1],[529,2,529,7],[529,8,529,11],[530,0,530,7],[530,8,530,11],[531,0,537,0],[531,1,531,5],[532,1,532,5],[533,1,533,5],[534,1,534,5],[535,1,535,5],[536,1,536,7],[537,1,537,7],[538,0,538,1],[538,2,538,3],[538,4,538,5],[538,6,538,7],[539,0,539,11],[540,0,541,0],[540,1,541,1],[540,2,541,2],[540,3,541,3],[540,4,540,7],[540,8,540,11],[544,0,544,1],[544,2,544,7],[545,0,545,1],[545,2,545,7],[545,8,545,11],[546,0,546,7],[546,8,546,11],[547,0,553,0],[547,1,547,5],[548,1,548,5],[549,1,549,5],[550,1,550,5],[551,1,551,5],[552,1,552,7],[553,1,553,7],[554,0,554,1],[554,2,554,3],[554,4,554,5],[554,6,554,7],[555,0,555,11],[556,0,557,0],[556,1,557,1],[556,2,557,2],[556,3,557,3],[556,4,556,7],[556,8,556,11],[560,0,560,1],[560,2,560,7],[561,0,561,1],[561,2,561,7],[561,8,561,11],[562,0,562,7],[562,8,562,11],[563,0,566,0],[563,1,563,5],[564,1,564,5],[565,1,565,7],[566,1,566,7],[567,0,567,1],[567,2,567,3],[567,4,567,5],[567,6,567,7],[568,0,568,11],[569,0,570,0],[569,1,570,1],[569,2,570,2],[569,3,570,3],[569,4,569,7],[569,8,569,11],[573,0,573,1],[573,2,573,7],[574,0,574,1],[574,2,574,7],[574,8,574,11],[575,0,575,7],[575,8,575,11],[576,0,579,0],[576,1,576,5],[577,1,577,5],[578,1,578,7],[579,1,579,7],[580,0,580,1],[580,2,580,3],[580,4,580,5],[580,6,580,7],[581,0,581,11],[582,0,583,0],[582,1,583,1],[582,2,583,2],[582,3,583,3],[582,4,582,7],[582,8,582,11],[586,0,586,1],[586,2,586,7],[587,0,587,1],[587,2,587,7],[587,8,587,11],[588,0,588,7],[588,8,588,11],[589,0,592,0],[589,1,589,5],[590,1,590,5],[591,1,591,7],[592,1,592,7],[593,0,593,1],[593,2,593,3],[593,4,593,5],[593,6,593,7],[594,0,594,11],[595,0,596,0],[595,1,596,1],[595,2,596,2],[595,3,596,3],[595,4,595,7],[595,8,595,11],[599,0,599,1],[599,2,599,7],[600,0,600,1],[600,2,600,7],[600,8,600,11],[601,0,601,7],[601,8,601,11],[602,0,605,0],[602,1,602,5],[603,1,603,5],[604,1,604,7],[605,1,605,7],[606,0,606,1],[606,2,606,3],[606,4,606,5],[606,6,606,7],[607,0,607,11],[608,0,609,0],[608,1,609,1],[608,2,609,2],[608,3,609,3],[608,4,608,7],[608,8,608,11],[612,0,612,1],[612,2,612,7],[613,0,613,1],[613,2,613,7],[613,8,613,11],[614,0,614,7],[614,8,614,11],[615,0,618,0],[615,1,615,5],[616,1,616,5],[617,1,617,7],[618,1,618,7],[619,0,619,1],[619,2,619,3],[619,4,619,5],[619,6,619,7],[620,0,620,11],[621,0,622,0],[621,1,622,1],[621,2,622,2],[621,3,622,3],[621,4,621,7],[621,8,621,11],[625,0,625,1],[625,2,625,7],[626,0,626,1],[626,2,626,7],[626,8,626,11],[627,0,627,7],[627,8,627,11],[628,0,634,0],[628,1,628,5],[629,1,629,5],[630,1,630,5],[631,1,631,5],[632,1,632,5],[633,1,633,7],[634,1,634,7],[635,0,635,1],[635,2,635,3],[635,4,635,5],[635,6,635,7],[636,0,636,11],[637,0,638,0],[637,1,638,1],[637,2,638,2],[637,3,638,3],[637,4,637,7],[637,8,637,11],[641,0,641,1],[641,2,641,7],[642,0,642,1],[642,2,642,7],[642,8,642,11],[643,0,643,7],[643,8,643,11],[644,0,647,0],[644,1,644,5],[645,1,645,5],[646,1,646,7],[647,1,647,7]],"merged_total":1044,"flags":["formulas_cached_only","merged_cut"]}
["综合单价分析表","","","","","","","","","","",""]
["工程名称：","四川警院校园维修项目【建筑与装饰工程】","","","","","","标段：","","","",""]
["项目编码 ","","(1) 010101007039 ","","项目名称 ","","管沟土方 ","","计量单位","m3","工程量","65.78"]
["清单综合单价组成明细           ","","","","","","","","","","",""]
["定额编号","定额项目名称","定额\r\n单位","数量","单价   ","","","","合价   ","","",""]
["","","","","人工费","材料费","机械费","管理费\r\n和利润","人工费","材料费","机械费","管理费\r\n和利润"]
["AA0025","管沟土方 深度≤2m 沟底宽度 ≤1.5m","100m3",0.01,2197.35," "," ",197.51,21.97," "," ",1.98]
[" "," "," "," "," "," "," "," "," "," "," "," "]
["人工单价 ","","小     计     ","","","","","",21.97," "," ",1.98]
[" 元/工日 ","","未计价材料费     ","","","","","","    ","","",""]
["清单项目综合单价       ","","","","","","","",23.95,"","",""]
["材\r\n料\r\n费\r\n明\r\n细","主要材料名称、规格、型号    ","","","","","单位","数量","单价\r\n（元）","合价\r\n（元）","暂估单价\r\n（元）","暂估合价\r\n（元）"]
["","     ","","","",""," "," "," "," "," "," "]
["","其他材料费      ","","","","","","","-"," ","-"," "]
["","材料费小计      ","","","","","","","-"," ","-"," "]
["项目编码 ","","(2) 010103001040 ","","项目名称 ","","回填方 ","","计量单位","m3","工程量","15.78"]
["清单综合单价组成明细           ","","","","","","","","","","",""]
["定额编号","定额项目名称","定额\r\n单位","数量","单价   ","","","","合价   ","","",""]
["","","","","人工费","材料费","机械费","管理费\r\n和利润","人工费","材料费","机械费","管理费\r\n和利润"]
["AA0082","回填土 机械夯填","100m3",0.01,158.7,0.2,432.06,68.04,1.59," ",4.32,0.68]
[" "," "," "," "," "," "," "," "," "," "," "," "]
["人工单价 ","","小     计     ","","","","","",1.59," ",4.32,0.68]
[" 元/工日 ","","未计价材料费     ","","","","","","    ","","",""]
["清单项目综合单价       ","","","","","","","",6.59,"","",""]
["材\r\n料\r\n费\r\n明\r\n细","主要材料名称、规格、型号    ","","","","","单位","数量","单价\r\n（元）","合价\r\n（元）","暂估单价\r\n（元）","暂估合价\r\n（元）"]
["","水    ","","","","","m3",0.001,2," "," "," "]
["","其他材料费      ","","","","","","","-"," ","-"," "]
["","材料费小计      ","","","","","","","-"," ","-"," "]
["项目编码 ","","(3) 010103002029 ","","项目名称 ","","建渣清运 ","","计量单位","m3","工程量","55.66"]
["清单综合单价组成明细           ","","","","","","","","","","",""]
["定额编号","定额项目名称","定额\r\n单位","数量","单价   ","","","","合价   ","","",""]
["","","","","人工费","材料费","机械费","管理费\r\n和利润","人工费","材料费","机械费","管理费\r\n和利润"]
["AA0090换","机械运石碴， 总运距≤10km 每增运1000m[单价*5，综合费*5]","1000m3",0.001,901.11," ",4163.7,599.25,0.9," ",4.16,0.6]
[" "," "," "," "," "," "," "," "," "," "," "," "]
["人工单价 ","","小     计     ","","","","","",0.9," ",4.16,0.6]
[" 元/工日 ","","未计价材料费     ","","","","","","    ","","",""]
["清单项目综合单价       ","","","","","","","",5.66,"","",""]
["材\r\n料\r\n费\r\n明\r\n细","主要材料名称、规格、型号    ","","","","","单位","数量","单价\r\n（元）","合价\r\n（元）","暂估单价\r\n（元）","暂估合价\r\n（元）"]
["","     ","","","",""," "," "," "," "," "," "]
["","其他材料费      ","","","","","","","-"," ","-"," "]
["","材料费小计      ","","","","","","","-"," ","-"," "]
["项目编码 ","","(4) 010401003042 ","","项目名称 ","","实心砖墙 ","","计量单位","m3","工程量","12.65"]
["清单综合单价组成明细           ","","","","","","","","","","",""]
["定额编号","定额项目名称","定额\r\n单位","数量","单价   ","","","","合价   ","","",""]
["","","","","人工费","材料费","机械费","管理费\r\n和利润","人工费","材料费","机械费","管理费\r\n和利润"]
["AD0014","砖墙 混合砂浆（细砂） M5","10m3",0.1,1690.16,2487.28,6.9,215.27,169.02,248.73,0.69,21.53]
[" "," "," "," "," "," "," "," "," "," "," "," "]
["人工单价 ","","小     计     ","","","","","",169.02,248.73,0.69,21.53]
[" 元/工日 ","","未计价材料费     ","","","","","","    ","","",""]
["清单项目综合单价       ","","","","","","","",439.96,"","",""]
["材\r\n料\r\n费\r\n明\r\n细","主要材料名称、规格、型号    ","","","","","单位","数量","单价\r\n（元）","合价\r\n（元）","暂估单价\r\n（元）","暂估合价\r\n（元）"]
["","混合砂浆(细砂) M5    ","","","","","m3",0.224,159.4,35.71," "," "]
["","标准砖    ","","","","","千匹",0.531,400,212.4," "," "]
["","水泥 32.5    ","","","","","kg","[40.096]",0.4,"(16.04)"," "," "]
["","石灰膏    ","","","","","m3","[0.0314]",130,"(4.08)"," "," "]
["","细砂    ","","","","","m3","[0.2598]",60,"(15.59)"," "," "]
["","水    ","","","","","m3",0.121,2,0.24," "," "]
["","其他材料费      ","","","","","","","-","0.38","-"," "]
["","材料费小计      ","","","","","","","-","248.73","-"," "]
["项目编码 ","","(5) 010401004043 ","","项目名称 ","","多孔砖墙 ","","计量单位","m3","工程量","22.95"]
["清单综合单价组成明细           ","","","","","","","","","","",""]
["定额编号","定额项目名称","定额\r\n单位","数量","单价   ","","","","合价   ","","",""]
["","","","","人工费","材料费","机械费","管理费\r\n和利润","人工费","材料费","机械费","管理费\r\n和利润"]
["AD0056","烧结多孔砖围墙 混合砂浆（细砂） M5","10m3",0.1,1314.17,1665.55,6.71,167.62,131.42,166.56,0.67,16.76]
[" "," "," "," "," "," "," "," "," "," "," "," "]
["人工单价 ","","小     计     ","","","","","",131.42,166.56,0.67,16.76]
[" 元/工日 ","","未计价材料费     ","","","","","","    ","","",""]
["清单项目综合单价       ","","","","","","","",315.41,"","",""]
["材\r\n料\r\n费\r\n明\r\n细","主要材料名称、规格、型号    ","","","","","单位","数量","单价\r\n（元）","合价\r\n（元）","暂估单价\r\n（元）","暂估合价\r\n（元）"]
["","混合砂浆(细砂) M5    ","","","","","m3",0.222,159.4,35.39," "," "]
["","烧结多孔砖 115×115×240    ","","","","","千匹",0.286,380,108.68," "," "]
["","标准砖    ","","","","","千匹",0.055,400,22," "," "]
["","水泥 32.5    ","","","","","kg","[39.738]",0.4,"(15.90)"," "," "]
["","石灰膏    ","","","","","m3","[0.0311]",130,"(4.04)"," "," "]
["","细砂    ","","","","","m3","[0.2575]",60,"(15.45)"," "," "]
["","水    ","","","","","m3",0.123,2,0.25," "," "]
["","其他材料费      ","","","","","","","-","0.24","-"," "]
["","材料费小计      ","","","","","","","-","166.56","-"," "]
["项目编码 ","","(6) 010401004044 ","","项目名称 ","","多孔砖墙 ","","计量单位","m3","工程量","28.33"]
["清单综合单价组成明细           ","","","","","","","","","","",""]
["定额编号","定额项目名称","定额\r\n单位","数量","单价   ","","","","合价   ","","",""]
["","","","","人工费","材料费","机械费","管理费\r\n和利润","人工费","材料费","机械费","管理费\r\n和利润"]
["AD0034","烧结多孔砖（KP1型） 混合砂浆（细砂） M5","10m3",0.1,1433.93,1578.77,5.4,182.56,143.39,157.88,0.54,18.26]
[" "," "," "," "," "," "," "," "," "," "," "," "]
["人工单价 ","","小     计     ","","","","","",143.39,157.88,0.54,18.26]
[" 元/工日 ","","未计价材料费     ","","","","","","    ","","",""]
["清单项目综合单价       ","","","","","","","",320.07,"","",""]
["材\r\n料\r\n费\r\n明\r\n细","主要材料名称、规格、型号    ","","","","","单位","数量","单价\r\n（元）","合价\r\n（元）","暂估单价\r\n（元）","暂估合价\r\n（元）"]
["","混合砂浆(细砂) M5    ","","","","","m3",0.171,159.4,27.26," "," "]
["","烧结多孔砖(KP1型) 240×115×90    ","","","","","千匹",0.318,340,108.12," "," "]
["","标准砖    ","","","","","千匹",0.055,400,22," "," "]
["","水泥 32.5    ","","","","","kg","[30.609]",0.4,"(12.24)"," "," "]
["","石灰膏    ","","","","","m3","[0.0239]",130,"(3.11)"," "," "]
["","细砂    ","","","","","m3","[0.1984]",60,"(11.90)"," "," "]
["","水    ","","","","","m3",0.128,2,0.26," "," "]
["","其他材料费      ","","","","","","","-","0.24","-"," "]
["","材料费小计      ","","","","","","","-","157.88","-"," "]
["项目编码 ","","(7) 010401012041 ","","项目名称 ","","零星砌砖 ","","计量单位","m3","工程量","5.85"]
["清单综合单价组成明细           ","","","","","","","","","","",""]
["定额编号","定额项目名称","定额\r\n单位","数量","单价   ","","","","合价   ","","",""]
["","","","","人工费","材料费","机械费","管理费\r\n和利润","人工费","材料费","机械费","管理费\r\n和利润"]
["AD0134","零星砌砖 水泥砂浆(细砂) M5","10m3",0.1,2275.93,2551.24,6.71,289.43,227.59,255.12,0.67,28.94]
[" "," "," "," "," "," "," "," "," "," "," "," "]
["人工单价 ","","小     计     ","","","","","",227.59,255.12,0.67,28.94]
[" 元/工日 ","","未计价材料费     ","","","","","","    ","","",""]
["清单项目综合单价       ","","","","","","","",512.33,"","",""]
["材\r\n料\r\n费\r\n明\r\n细","主要材料名称、规格、型号    ","","","","","单位","数量","单价\r\n（元）","合价\r\n（元）","暂估单价\r\n（元）","暂估合价\r\n（元）"]
["","水泥砂浆(细砂) M5    ","","","","","m3",0.213,160,34.08," "," "]
["","标准砖    ","","","","","千匹",0.552,400,220.8," "," "]
["","水泥 32.5    ","","","","","kg","[48.138]",0.4,"(19.26)"," "," "]
["","细砂    ","","","","","m3","[0.2471]",60,"(14.83)"," "," "]
["","水    ","","","","","m3",0.122,2,0.24," "," "]
["","其他材料费      ","","","","","","","-"," ","-"," "]
["","材料费小计      ","","","","","","","-","255.12","-"," "]
["项目编码 ","","(8) 010402001030 ","","项目名称 ","","砌块墙 ","","计量单位","m3","工程量","13.28"]
["清单综合单价组成明细           ","","","","","","","","","","",""]
["定额编号","定额项目名称","定额\r\n单位","数量","单价   ","","","","合价   ","","",""]
["","","","","人工费","材料费","机械费","管理费\r\n和利润","人工费","材料费","机械费","管理费\r\n和利润"]
["AD0174","砌块墙 石膏砌块","100m2",0.01,1209.89,4141.18,48.08,161.67,12.1,41.41,0.48,1.62]
[" "," "," "," "," "," "," "," "," "," "," "," "]
["人工单价 ","","小     计     ","","","","","",12.1,41.41,0.48,1.62]
[" 元/工日 ","","未计价材料费     ","","","","","","    ","","",""]
["清单项目综合单价       ","","","","","","","",55.61,"","",""]
["材\r\n料\r\n费\r\n明\r\n细","主要材料名称、规格、型号    ","","","","","单位","数量","单价\r\n（元）","合价\r\n（元）","暂估单价\r\n（元）","暂估合价\r\n（元）"]
["","石膏砌块    ","","","","","m2",1.0516,35,36.81," "," "]
["","方格网    ","","","","","m2",0.117,5,0.59," "," "]
["","水泥钉    ","","","","","kg",0.005,7,0.04," "," "]
["","粘结石膏    ","","","","","kg",3.005,1.2,3.61," "," "]
["","水    ","","","","","m3",0.009,2,0.02," "," "]
["","其他材料费      ","","","","","","","-","0.34","-"," "]
["","材料费小计      ","","","","","","","-","41.41","-"," "]
["项目编码 ","","(9) 010402001031 ","","项目名称 ","","砌块墙 ","","计量单位","m3","工程量","2.15"]
["清单综合单价组成明细           ","","","","","","","","","","",""]
["定额编号","定额项目名称","定额\r\n单位","数量","单价   ","","","","合价   ","","",""]
["","","","","人工费","材料费","机械费","管理费\r\n和利润","人工费","材料费","机械费","管理费\r\n和利润"]
["AD0174","砌块墙 石膏砌块","100m2",0.01,1209.89,4141.18,48.08,161.67,12.1,41.41,0.48,1.62]
[" "," "," "," "," "," "," "," "," "," "," "," "]
["人工单价 ","","小     计     ","","","","","",12.1,41.41,0.48,1.62]
[" 元/工日 ","","未计价材料费     ","","","","","","    ","","",""]
["清单项目综合单价       ","","","","","","","",55.61,"","",""]
["材\r\n料\r\n费\r\n明\r\n细","主要材料名称、规格、型号    ","","","","","单位","数量","单价\r\n（元）","合价\r\n（元）","暂估单价\r\n（元）","暂估合价\r\n（元）"]
["","石膏砌块    ","","","","","m2",1.0744,35,37.6," "," "]
["","方格网    ","","","","","m2",0.12,5,0.6," "," "]
["","水泥钉    ","","","","","kg",0.005,7,0.04," "," "]
["","粘结石膏    ","","","","","kg",3.07,1.2,3.68," "," "]
["","水    ","","","","","m3",0.009,2,0.02," "," "]
["","其他材料费      ","","","","","","","-"," ","-"," "]
["","材料费小计      ","","","","","","","-","41.41","-"," "]
["项目编码 ","","(10) 010801001032 ","","项目名称 ","","木质门 ","","计量单位","m2","工程量","47.25"]
["清单综合单价组成明细           ","","","","","","","","","","",""]
["定额编号","定额项目名称","定额\r\n单位","数量","单价   ","","","","合价   ","","",""]
["","","","","人工费","材料费","机械费","管理费\r\n和利润","人工费","材料费","机械费","管理费\r\n和利润"]
["AH0001","镶板门带框 有亮","100m2",0.01,2057.61,30195.19,153.86,482.4,20.58,301.95,1.54,4.82]
[" "," "," "," "," "," "," "," "," "," "," "," "]
["人工单价 ","","小     计     ","","","","","",20.58,301.95,1.54,4.82]
[" 元/工日 ","","未计价材料费     ","","","","","","    ","","",""]
["清单项目综合单价       ","","","","","","","",328.89,"","",""]
["材\r\n料\r\n费\r\n明\r\n细","主要材料名称、规格、型号    ","","","","","单位","数量","单价\r\n（元）","合价\r\n（元）","暂估单价\r\n（元）","暂估合价\r\n（元）"]
["","镶板门带框（有亮）    ","","","","","m2",0.97964,300,293.89," "," "]
["","合页    ","","","","","只",1.762,1.5,2.64," "," "]
["","膨胀螺栓 M8    ","","","","","套",7.188,0.5,3.59," "," "]
["","其他材料费      ","","","","","","","-","1.83","-"," "]
["","材料费小计      ","","","","","","","-","301.95","-"," "]
["项目编码 ","","(11) 010801006033 ","","项目名称 ","","门锁安装 ","","计量单位","个(套)","工程量","25"]
["清单综合单价组成明细           ","","","","","","","","","","",""]
["定额编号","定额项目名称","定额\r\n单位","数量","单价   ","","","","合价   ","","",""]
["","","","","人工费","材料费","机械费","管理费\r\n和利润","人工费","材料费","机械费","管理费\r\n和利润"]
["AH0027","门锁安装 L形执手锁","把",1,35.4,30," ",7.52,35.4,30," ",7.52]
[" "," "," "," "," "," "," "," "," "," "," "," "]
["人工单价 ","","小     计     ","","","","","",35.4,30," ",7.52]
[" 元/工日 ","","未计价材料费     ","","","","","","    ","","",""]
["清单项目综合单价       ","","","","","","","",72.92,"","",""]
["材\r\n料\r\n费\r\n明\r\n细","主要材料名称、规格、型号    ","","","","","单位","数量","单价\r\n（元）","合价\r\n（元）","暂估单价\r\n（元）","暂估合价\r\n（元）"]
["","执手锁    ","","","","","把",1,30,30," "," "]
["","其他材料费      ","","","","","","","-"," ","-"," "]
["","材料费小计      ","","","","","","","-","30.00","-"," "]
["项目编码 ","","(12) 011101001045 ","","项目名称 ","","水泥砂浆楼地面 ","","计量单位","m2","工程量","15.33"]
["清单综合单价组成明细           ","","","","","","","","","","",""]
["定额编号","定额项目名称","定额\r\n单位","数量","单价   ","","","","合价   ","","",""]
["","","","","人工费","材料费","机械费","管理费\r\n和利润","人工费","材料费","机械费","管理费\r\n和利润"]
["AL0070","楼地面找平层 水泥砂浆(中砂)厚度20mm 在混凝土及硬基层上 1:3","100m2",0.01,758.54,520.74,6.34,119.12,7.59,5.21,0.06,1.19]
["AL0002","楼地面 水泥砂浆整体面层 中砂 厚度25mm 1:2","100m2",0.01,1321.69,861.28,7.82,206.88,13.22,8.61,0.08,2.07]
["人工单价 ","","小     计     ","","","","","",20.81,13.82,0.14,3.26]
[" 元/工日 ","","未计价材料费     ","","","","","","    ","","",""]
["清单项目综合单价       ","","","","","","","",38.02,"","",""]
["材\r\n料\r\n费\r\n明\r\n细","主要材料名称、规格、型号    ","","","","","单位","数量","单价\r\n（元）","合价\r\n（元）","暂估单价\r\n（元）","暂估合价\r\n（元）"]
["","水泥砂浆(中砂) 1:3    ","","","","","m3",0.02016,256.6,5.17," "," "]
["","水泥 32.5    ","","","","","kg","[25.575]",0.4,"(10.23)"," "," "]
["","中砂    ","","","","","m3","[0.04924]",70,"(3.45)"," "," "]
["","水    ","","","","","m3",0.058,2,0.12," "," "]
["","水泥砂浆(中砂) 1:2    ","","","","","m3",0.02525,312.8,7.9," "," "]
["","水泥浆    ","","","","","m3",0.001,606.8,0.61," "," "]
["","其他材料费      ","","","","","","","-","0.02","-"," "]
["","材料费小计      ","","","","","","","-","13.82","-"," "]
["项目编码 ","","(13) 011102003034 ","","项目名称 ","","块料楼地面 ","","计量单位","m2","工程量","25.85"]
["清单综合单价组成明细           ","","","","","","","","","","",""]
["定额编号","定额项目名称","定额\r\n单位","数量","单价   ","","","","合价   ","","",""]
["","","","","人工费","材料费","机械费","管理费\r\n和利润","人工费","材料费","机械费","管理费\r\n和利润"]
["AL0070","楼地面找平层 水泥砂浆(中砂)厚度20mm 在混凝土及硬基层上 1:3","100m2",0.01,758.54,520.74,6.34,119.12,7.59,5.21,0.06,1.19]
["AL0115","地砖楼地面 ≤600mm×600mm","100m2",0.01,3611.56,5642.53,20.06,892.13,36.12,56.43,0.2,8.92]
["人工单价 ","","小     计     ","","","","","",43.71,61.64,0.26,10.11]
[" 元/工日 ","","未计价材料费     ","","","","","","    ","","",""]
["清单项目综合单价       ","","","","","","","",115.71,"","",""]
["材\r\n料\r\n费\r\n明\r\n细","主要材料名称、规格、型号    ","","","","","单位","数量","单价\r\n（元）","合价\r\n（元）","暂估单价\r\n（元）","暂估合价\r\n（元）"]
["","水泥砂浆(中砂) 1:3    ","","","","","m3",0.02024,256.6,5.19," "," "]
["","水泥 32.5    ","","","","","kg","[18.083]",0.4,"(7.23)"," "," "]
["","中砂    ","","","","","m3","[0.0389]",70,"(2.72)"," "," "]
["","水    ","","","","","m3",0.017,2,0.03," "," "]
["","彩釉地砖 600×600    ","","","","","m2",1.027,50,51.35," "," "]
["","水泥砂浆(中砂) 1:2    ","","","","","m3",0.01523,312.8,4.76," "," "]
["","白水泥    ","","","","","kg",0.083,0.5,0.04," "," "]
["","其他材料费      ","","","","","","","-","0.26","-"," "]
["","材料费小计      ","","","","","","","-","61.63","-"," "]
["项目编码 ","","(14) 011105003035 ","","项目名称 ","","块料踢脚线 ","","计量单位","m2","工程量","33.59"]
["清单综合单价组成明细           ","","","","","","","","","","",""]
["定额编号","定额项目名称","定额\r\n单位","数量","单价   ","","","","合价   ","","",""]
["","","","","人工费","材料费","机械费","管理费\r\n和利润","人工费","材料费","机械费","管理费\r\n和利润"]
["AL0187","块料踢脚线 彩釉砖","100m2",0.01,6602.97,3930.29,20.06,1625.44,66.03,39.3,0.2,16.25]
[" "," "," "," "," "," "," "," "," "," "," "," "]
["人工单价 ","","小     计     ","","","","","",66.03,39.3,0.2,16.25]
[" 元/工日 ","","未计价材料费     ","","","","","","    ","","",""]
["清单项目综合单价       ","","","","","","","",121.79,"","",""]
["材\r\n料\r\n费\r\n明\r\n细","主要材料名称、规格、型号    ","","","","","单位","数量","单价\r\n（元）","合价\r\n（元）","暂估单价\r\n（元）","暂估合价\r\n（元）"]
["","彩釉地砖 300×300    ","","","","","m2",1.0203,33,33.67," "," "]
["","水泥砂浆(中砂) 1:2    ","","","","","m3",0.0152,312.8,4.75," "," "]
["","白水泥    ","","","","","kg",0.15,0.5,0.08," "," "]
["","水泥 32.5    ","","","","","kg","[9.123]",0.4,"(3.65)"," "," "]
["","中砂    ","","","","","m3","[0.0158]",70,"(1.11)"," "," "]
["","水    ","","","","","m3",0.007,2,0.01," "," "]
["","其他材料费      ","","","","","","","-","0.79","-"," "]
["","材料费小计      ","","","","","","","-","39.30","-"," "]
["项目编码 ","","(15) 011201001050 ","","项目名称 ","","墙面一般抹灰 ","","计量单位","m2","工程量","50.66"]
["清单综合单价组成明细           ","","","","","","","","","","",""]
["定额编号","定额项目名称","定额\r\n单位","数量","单价   ","","","","合价   ","","",""]
["","","","","人工费","材料费","机械费","管理费\r\n和利润","人工费","材料费","机械费","管理费\r\n和利润"]
["AM0007","墙面一般抹灰 其他墙面 混合砂浆 细砂","100m2",0.01,1143.46,449.96,7.27,179.09,11.43,4.5,0.07,1.79]
[" "," "," "," "," "," "," "," "," "," "," "," "]
["人工单价 ","","小     计     ","","","","","",11.43,4.5,0.07,1.79]
[" 元/工日 ","","未计价材料费     ","","","","","","    ","","",""]
["清单项目综合单价       ","","","","","","","",17.8,"","",""]
["材\r\n料\r\n费\r\n明\r\n细","主要材料名称、规格、型号    ","","","","","单位","数量","单价\r\n（元）","合价\r\n（元）","暂估单价\r\n（元）","暂估合价\r\n（元）"]
["","混合砂浆(细砂) 1:1:6    ","","","","","m3",0.017,178.1,3.03," "," "]
["","混合砂浆(细砂) 1:0.3:2.5    ","","","","","m3",0.0055,251.5,1.38," "," "]
["","水泥 32.5    ","","","","","kg","[6.08]",0.4,"(2.43)"," "," "]
["","石灰膏    ","","","","","m3","[0.0035]",130,"(0.46)"," "," "]
["","细砂    ","","","","","m3","[0.0255]",60,"(1.53)"," "," "]
["","水    ","","","","","m3",0.022,2,0.04," "," "]
["","其他材料费      ","","","","","","","-","0.05","-"," "]
["","材料费小计      ","","","","","","","-","4.50","-"," "]
["项目编码 ","","(16) 011201003051 ","","项目名称 ","","墙面勾缝 ","","计量单位","m2","工程量","18.64"]
["清单综合单价组成明细           ","","","","","","","","","","",""]
["定额编号","定额项目名称","定额\r\n单位","数量","单价   ","","","","合价   ","","",""]
["","","","","人工费","材料费","机械费","管理费\r\n和利润","人工费","材料费","机械费","管理费\r\n和利润"]
["AM0078","墙面勾缝 砖墙加浆勾缝 1∶1.5水泥砂浆 中砂","100m2",0.00974,525.05,72.16,7.45,83.12,5.11,0.7,0.07,0.81]
[" "," "," "," "," "," "," "," "," "," "," "," "]
["人工单价 ","","小     计     ","","","","","",5.11,0.7,0.07,0.81]
[" 元/工日 ","","未计价材料费     ","","","","","","    ","","",""]
["清单项目综合单价       ","","","","","","","",6.7,"","",""]
["材\r\n料\r\n费\r\n明\r\n细","主要材料名称、规格、型号    ","","","","","单位","数量","单价\r\n（元）","合价\r\n（元）","暂估单价\r\n（元）","暂估合价\r\n（元）"]
["","水泥砂浆(中砂) 1:1.5    ","","","","","m3",0.002,343,0.69," "," "]
["","水泥 32.5    ","","","","","kg","[1.427]",0.4,"(0.57)"," "," "]
["","中砂    ","","","","","m3","[0.0018]",70,"(0.13)"," "," "]
["","水    ","","","","","m3",0.001,2," "," "," "]
["","其他材料费      ","","","","","","","-","0.01","-"," "]
["","材料费小计      ","","","","","","","-","0.70","-"," "]
["项目编码 ","","(17) 011204003054 ","","项目名称 ","","块料墙面 ","","计量单位","m2","工程量","15.88"]
["清单综合单价组成明细           ","","","","","","","","","","",""]
["定额编号","定额项目名称","定额\r\n单位","数量","单价   ","","","","合价   ","","",""]
["","","","","人工费","材料费","机械费","管理费\r\n和利润","人工费","材料费","机械费","管理费\r\n和利润"]
["AM0100","立面砂浆找平层 水泥砂浆(中砂)厚度13mm 1∶3","100m2",0.01,849.51,371.56,4.47,132.85,8.5,3.72,0.04,1.33]
["AM0285","块料墙面 内墙面砖 砂浆粘贴 ≤600×600 中砂","100m2",0.01,3895.03,5546.26,53.3,972.9,38.95,55.46,0.53,9.73]
["人工单价 ","","小     计     ","","","","","",47.45,59.18,0.57,11.06]
[" 元/工日 ","","未计价材料费     ","","","","","","    ","","",""]
["清单项目综合单价       ","","","","","","","",118.26,"","",""]
["材\r\n料\r\n费\r\n明\r\n细","主要材料名称、规格、型号    ","","","","","单位","数量","单价\r\n（元）","合价\r\n（元）","暂估单价\r\n（元）","暂估合价\r\n（元）"]
["","水泥砂浆(中砂) 1:3    ","","","","","m3",0.02113,256.6,5.42," "," "]
["","水泥 32.5    ","","","","","kg","[12.402]",0.4,"(4.96)"," "," "]
["","中砂    ","","","","","m3","[0.0294]",70,"(2.06)"," "," "]
["","水    ","","","","","m3",0.014,2,0.03," "," "]
["","面砖 ≤600×600    ","","","","","m2",1.0413,50,52.07," "," "]
["","水泥砂浆(中砂) 1:2    ","","","","","m3",0.0051,312.8,1.6," "," "]
["","白水泥    ","","","","","kg",0.15,0.5,0.08," "," "]
["","其他材料费      ","","","","","","","-"," ","-"," "]
["","材料费小计      ","","","","","","","-","59.18","-"," "]
["项目编码 ","","(18) 011204003054 ","","项目名称 ","","块料墙面 ","","计量单位","m2","工程量","52.37"]
["清单综合单价组成明细           ","","","","","","","","","","",""]
["定额编号","定额项目名称","定额\r\n单位","数量","单价   ","","","","合价   ","","",""]
["","","","","人工费","材料费","机械费","管理费\r\n和利润","人工费","材料费","机械费","管理费\r\n和利润"]
["AM0292","块料墙面 外墙面砖 砂浆粘贴周长≤500mm 密缝 细砂","100m2",0.01,5797.83,1876.53,37.41,1433.95,57.98,18.77,0.37,14.34]
["AM0100","立面砂浆找平层 水泥砂浆(中砂)厚度13mm 1∶3","100m2",0.01,849.51,371.56,4.47,132.85,8.5,3.72,0.04,1.33]
["人工单价 ","","小     计     ","","","","","",66.48,22.49,0.41,15.67]
[" 元/工日 ","","未计价材料费     ","","","","","","    ","","",""]
["清单项目综合单价       ","","","","","","","",105.04,"","",""]
["材\r\n料\r\n费\r\n明\r\n细","主要材料名称、规格、型号    ","","","","","单位","数量","单价\r\n（元）","合价\r\n（元）","暂估单价\r\n（元）","暂估合价\r\n（元）"]
["","面砖 95×95    ","","","","","m2",1.0206,16,16.33," "," "]
["","混合砂浆(细砂) 1:0.5:2    ","","","","","m3",0.0089,257.5,2.29," "," "]
["","白水泥    ","","","","","kg",0.15,0.5,0.08," "," "]
["","水泥 32.5    ","","","","","kg","[10.402]",0.4,"(4.16)"," "," "]
["","细砂    ","","","","","m3","[0.0077]",60,"(0.46)"," "," "]
["","石灰膏    ","","","","","m3","[0.0017]",130,"(0.22)"," "," "]
["","水    ","","","","","m3",0.016,2,0.03," "," "]
["","水泥砂浆(中砂) 1:3    ","","","","","m3",0.0144,256.6,3.7," "," "]
["","中砂    ","","","","","m3","[0.0164]",70,"(1.15)"," "," "]
["","其他材料费      ","","","","","","","-","0.05","-"," "]
["","材料费小计      ","","","","","","","-","22.48","-"," "]
["项目编码 ","","(19) 011206002055 ","","项目名称 ","","块料零星项目 ","","计量单位","m2","工程量","2.15"]
["清单综合单价组成明细           ","","","","","","","","","","",""]
["定额编号","定额项目名称","定额\r\n单位","数量","单价   ","","","","合价   ","","",""]
["","","","","人工费","材料费","机械费","管理费\r\n和利润","人工费","材料费","机械费","管理费\r\n和利润"]
["AM0100","立面砂浆找平层 水泥砂浆(中砂)厚度13mm 1∶3","100m2",0.01,849.51,371.56,4.47,132.85,8.5,3.72,0.04,1.33]
["AM0450","块料零星项目 面砖 砂浆粘贴周长≤500mm 密缝 细砂","100m2",0.01,6453.5,2084.53,52.91,1599.95,64.54,20.85,0.53,16]
["人工单价 ","","小     计     ","","","","","",73.04,24.57,0.57,17.33]
[" 元/工日 ","","未计价材料费     ","","","","","","    ","","",""]
["清单项目综合单价       ","","","","","","","",115.49,"","",""]
["材\r\n料\r\n费\r\n明\r\n细","主要材料名称、规格、型号    ","","","","","单位","数量","单价\r\n（元）","合价\r\n（元）","暂估单价\r\n（元）","暂估合价\r\n（元）"]
["","水泥砂浆(中砂) 1:3    ","","","","","m3",0.01473,256.6,3.78," "," "]
["","水泥 32.5    ","","","","","kg","[10.638]",0.4,"(4.26)"," "," "]
["","中砂    ","","","","","m3","[0.0168]",70,"(1.18)"," "," "]
["","水    ","","","","","m3",0.016,2,0.03," "," "]
["","面砖 95×95    ","","","","","m2",1.177,16,18.83," "," "]
["","混合砂浆(细砂) 1:0.5:2    ","","","","","m3",0.00911,257.5,2.35," "," "]
["","白水泥    ","","","","","kg",0.153,0.5,0.08," "," "]
["","石灰膏    ","","","","","m3","[0.0017]",130,"(0.22)"," "," "]
["","细砂    ","","","","","m3","[0.0078]",60,"(0.47)"," "," "]
["","其他材料费      ","","","","","","","-"," ","-"," "]
["","材料费小计      ","","","","","","","-","24.56","-"," "]
["项目编码 ","","(20) 011210005052 ","","项目名称 ","","成品隔断 ","","计量单位","m2","工程量","8.55"]
["清单综合单价组成明细           ","","","","","","","","","","",""]
["定额编号","定额项目名称","定额\r\n单位","数量","单价   ","","","","合价   ","","",""]
["","","","","人工费","材料费","机械费","管理费\r\n和利润","人工费","材料费","机械费","管理费\r\n和利润"]
["AM0587换","成品隔断","100m2",0.01,5182.08,12240," ",1270.32,51.82,122.4," ",12.7]
[" "," "," "," "," "," "," "," "," "," "," "," "]
["人工单价 ","","小     计     ","","","","","",51.82,122.4," ",12.7]
[" 元/工日 ","","未计价材料费     ","","","","","","    ","","",""]
["清单项目综合单价       ","","","","","","","",186.92,"","",""]
["材\r\n料\r\n费\r\n明\r\n细","主要材料名称、规格、型号    ","","","","","单位","数量","单价\r\n（元）","合价\r\n（元）","暂估单价\r\n（元）","暂估合价\r\n（元）"]
["","高强度塑胶压缩板隔断    ","","","","","m2",1.026,120,123.12," "," "]
["","其他材料费      ","","","","","","","-"," ","-"," "]
["","材料费小计      ","","","","","","","-","122.40","-"," "]
["项目编码 ","","(21) 011301001046 ","","项目名称 ","","天棚抹灰 ","","计量单位","m2","工程量","85.36"]
["清单综合单价组成明细           ","","","","","","","","","","",""]
["定额编号","定额项目名称","定额\r\n单位","数量","单价   ","","","","合价   ","","",""]
["","","","","人工费","材料费","机械费","管理费\r\n和利润","人工费","材料费","机械费","管理费\r\n和利润"]
["AN0007","天棚抹灰 混凝土天棚 混合砂浆面(细砂)","100m2",0.01,1351.59,513.64,6.15,211.17,13.52,5.14,0.06,2.11]
[" "," "," "," "," "," "," "," "," "," "," "," "]
["人工单价 ","","小     计     ","","","","","",13.52,5.14,0.06,2.11]
[" 元/工日 ","","未计价材料费     ","","","","","","    ","","",""]
["清单项目综合单价       ","","","","","","","",20.83,"","",""]
["材\r\n料\r\n费\r\n明\r\n细","主要材料名称、规格、型号    ","","","","","单位","数量","单价\r\n（元）","合价\r\n（元）","暂估单价\r\n（元）","暂估合价\r\n（元）"]
["","混合砂浆(细砂) 1:0.3:3    ","","","","","m3",0.0041,247.8,1.02," "," "]
["","混合砂浆(细砂) 1:0.5:2.5    ","","","","","m3",0.0135,253.1,3.42," "," "]
["","水泥805胶浆 1:0.1:0.2    ","","","","","m3",0.001,591.6,0.59," "," "]
["","水泥 32.5    ","","","","","kg","[8.778]",0.4,"(3.51)"," "," "]
["","805胶水    ","","","","","kg","[0.102]",1,"(0.10)"," "," "]
["","石灰膏    ","","","","","m3","[0.0027]",130,"(0.35)"," "," "]
["","细砂    ","","","","","m3","[0.0177]",60,"(1.06)"," "," "]
["","水    ","","","","","m3",0.018,2,0.04," "," "]
["","其他材料费      ","","","","","","","-","0.07","-"," "]
["","材料费小计      ","","","","","","","-","5.14","-"," "]
["项目编码 ","","(22) 011302001036 ","","项目名称 ","","吊顶天棚 ","","计量单位","m2","工程量","25.33"]
["清单综合单价组成明细           ","","","","","","","","","","",""]
["定额编号","定额项目名称","定额\r\n单位","数量","单价   ","","","","合价   ","","",""]
["","","","","人工费","材料费","机械费","管理费\r\n和利润","人工费","材料费","机械费","管理费\r\n和利润"]
["AN0084","天棚吊顶 天棚基层 封钉条板 平面","100m2",0.01,1192.87,1757.46,137.94,339.23,11.93,17.57,1.38,3.39]
["AN0092","天棚吊顶 天棚面层 铝塑板","100m2",0.01,1321.75,5770.8," ",324.01,13.22,57.71," ",3.24]
["AN0040","天棚吊顶 装配式T形铝合金(烤漆)龙骨 不上人型 面层规格 300×300平面","100m2",0.01,1763.6,1239.27,14.19,437.14,17.64,12.39,0.14,4.37]
["人工单价 ","","小     计     ","","","","","",42.79,87.67,1.52,11]
[" 元/工日 ","","未计价材料费     ","","","","","","    ","","",""]
["清单项目综合单价       ","","","","","","","",142.98,"","",""]
["材\r\n料\r\n费\r\n明\r\n细","主要材料名称、规格、型号    ","","","","","单位","数量","单价\r\n（元）","合价\r\n（元）","暂估单价\r\n（元）","暂估合价\r\n（元）"]
["","锯材 综合    ","","","","","m3",0.01438,1200,17.26," "," "]
["","铝塑板 内墙    ","","","","","m2",1.0488,50,52.44," "," "]
["","立得时胶    ","","","","","kg",0.325,16,5.2," "," "]
["","装配式T型铝合金龙骨    ","","","","","m2",1.019,10,10.19," "," "]
["","加工铁件    ","","","","","kg",0.2367,5,1.18," "," "]
["","预埋铁件    ","","","","","kg",0.0004,5," "," "," "]
["","其他材料费      ","","","","","","","-","1.41","-"," "]
["","材料费小计      ","","","","","","","-","87.68","-"," "]
["项目编码 ","","(23) 011401001047 ","","项目名称 ","","木门油漆 ","","计量单位","m2","工程量","15.78"]
["清单综合单价组成明细           ","","","","","","","","","","",""]
["定额编号","定额项目名称","定额\r\n单位","数量","单价   ","","","","合价   ","","",""]
["","","","","人工费","材料费","机械费","管理费\r\n和利润","人工费","材料费","机械费","管理费\r\n和利润"]
["AP0020","木门基层处理 满刮透明腻子 一遍","100m2",0.01,1008.34,268.3," ",247.18,10.08,2.68," ",2.47]
["AP0001","木门调和漆 底油一遍 刮腻子 调和漆二遍","100m2",0.01,1586.98,699.73," ",389.03,15.87,7," ",3.89]
["AP0048","木门 防火涂料 二遍","100m2",0.01,1115.77,477.08," ",273.51,11.16,4.77," ",2.74]
["人工单价 ","","小     计     ","","","","","",37.11,14.45," ",9.1]
[" 元/工日 ","","未计价材料费     ","","","","","","    ","","",""]
["清单项目综合单价       ","","","","","","","",60.66,"","",""]
["材\r\n料\r\n费\r\n明\r\n细","主要材料名称、规格、型号    ","","","","","单位","数量","单价\r\n（元）","合价\r\n（元）","暂估单价\r\n（元）","暂估合价\r\n（元）"]
["","透明腻子    ","","","","","kg",0.1604,15,2.41," "," "]
["","调和漆 白酯胶调和漆    ","","","","","kg",0.47,12,5.64," "," "]
["","熟桐油    ","","","","","kg",0.043,8,0.34," "," "]
["","油漆溶剂油 200#    ","","","","","kg",0.112,5,0.56," "," "]
["","防火涂料    ","","","","","kg",0.3527,12,4.23," "," "]
["","其他材料费      ","","","","","","","-","1.27","-"," "]
["","材料费小计      ","","","","","","","-","14.45","-"," "]
["项目编码 ","","(24) 011402001048 ","","项目名称 ","","木窗油漆 ","","计量单位","m2","工程量","22.39"]
["清单综合单价组成明细           ","","","","","","","","","","",""]
["定额编号","定额项目名称","定额\r\n单位","数量","单价   ","","","","合价   ","","",""]
["","","","","人工费","材料费","机械费","管理费\r\n和利润","人工费","材料费","机械费","管理费\r\n和利润"]
["AP0060","木窗调和漆 底油一遍 刮腻子 调和漆二遍","100m2",0.01,1586.98,583.42," ",389.03,15.87,5.83," ",3.89]
["AP0079","木窗基层处理 满刮透明腻子 一遍","100m2",0.01,914.34,219.03," ",224.14,9.14,2.19," ",2.24]
["AP0107","木窗 防火涂料 二遍","100m2",0.01,1115.77,359.47," ",273.51,11.16,3.59," ",2.74]
["人工单价 ","","小     计     ","","","","","",36.17,11.61," ",8.87]
[" 元/工日 ","","未计价材料费     ","","","","","","    ","","",""]
["清单项目综合单价       ","","","","","","","",56.66,"","",""]
["材\r\n料\r\n费\r\n明\r\n细","主要材料名称、规格、型号    ","","","","","单位","数量","单价\r\n（元）","合价\r\n（元）","暂估单价\r\n（元）","暂估合价\r\n（元）"]
["","调和漆 白酯胶调和漆    ","","","","","kg",0.392,12,4.7," "," "]
["","油漆溶剂油 200#    ","","","","","kg",0.0928,5,0.46," "," "]
["","熟桐油    ","","","","","kg",0.035,8,0.28," "," "]
["","透明腻子    ","","","","","kg",0.133,15,2," "," "]
["","防火涂料    ","","","","","kg",0.2937,12,3.52," "," "]
["","其他材料费      ","","","","","","","-","0.66","-"," "]
["","材料费小计      ","","","","","","","-","11.62","-"," "]
["项目编码 ","","(25) 011403001049 ","","项目名称 ","","木扶手油漆 ","","计量单位","m","工程量","55.65"]
["清单综合单价组成明细           ","","","","","","","","","","",""]
["定额编号","定额项目名称","定额\r\n单位","数量","单价   ","","","","合价   ","","",""]
["","","","","人工费","材料费","机械费","管理费\r\n和利润","人工费","材料费","机械费","管理费\r\n和利润"]
["AP0108","木扶手油漆 调和漆 底油一遍 刮腻子 调和漆二遍","100m",0.01,366.23,67.41," ",89.78,3.66,0.67," ",0.9]
["AP0127","木扶手油漆 基层处理 满刮透明腻子 一遍","100m",0.01,314.95,21.57," ",77.21,3.15,0.22," ",0.77]
["AP0155","木扶手油漆 防火涂料 二遍","100m",0.01,224.62,51.28," ",55.06,2.25,0.51," ",0.55]
["人工单价 ","","小     计     ","","","","","",9.06,1.4," ",2.22]
[" 元/工日 ","","未计价材料费     ","","","","","","    ","","",""]
["清单项目综合单价       ","","","","","","","",12.68,"","",""]
["材\r\n料\r\n费\r\n明\r\n细","主要材料名称、规格、型号    ","","","","","单位","数量","单价\r\n（元）","合价\r\n（元）","暂估单价\r\n（元）","暂估合价\r\n（元）"]
["","调和漆 白酯胶调和漆    ","","","","","kg",0.045,12,0.54," "," "]
["","熟桐油    ","","","","","kg",0.004,8,0.03," "," "]
["","油漆溶剂油 200#    ","","","","","kg",0.0107,5,0.05," "," "]
["","透明腻子    ","","","","","kg",0.0129,15,0.19," "," "]
["","防火涂料    ","","","","","kg",0.0378,12,0.45," "," "]
["","其他材料费      ","","","","","","","-","0.14","-"," "]
["","材料费小计      ","","","","","","","-","1.40","-"," "]
["项目编码 ","","(26) 011406001037 ","","项目名称 ","","抹灰面油漆 ","","计量单位","m2","工程量","115"]
["清单综合单价组成明细           ","","","","","","","","","","",""]
["定额编号","定额项目名称","定额\r\n单位","数量","单价   ","","","","合价   ","","",""]
["","","","","人工费","材料费","机械费","管理费\r\n和利润","人工费","材料费","机械费","管理费\r\n和利润"]
["AP0324","抹灰面 刮腻子 一遍","100m2",0.01,872.84,31.56," ",213.97,8.73,0.32," ",2.14]
["AP0325","抹灰面 腻子胶刮腻子 增加一遍","100m2",0.01,266.12,19.16," ",65.24,2.66,0.19," ",0.65]
["AP0296","内墙及天棚抹灰面 乳胶漆底漆一遍面漆两遍","100m2",0.01,762.97,1054.42," ",187.04,7.63,10.54," ",1.87]
["人工单价 ","","小     计     ","","","","","",19.02,11.05," ",4.66]
[" 元/工日 ","","未计价材料费     ","","","","","","    ","","",""]
["清单项目综合单价       ","","","","","","","",34.73,"","",""]
["材\r\n料\r\n费\r\n明\r\n细","主要材料名称、规格、型号    ","","","","","单位","数量","单价\r\n（元）","合价\r\n（元）","暂估单价\r\n（元）","暂估合价\r\n（元）"]
["","滑石粉    ","","","","","kg",0.352,0.35,0.12," "," "]
["","腻子胶    ","","","","","kg",0.109,1.5,0.16," "," "]
["","大白粉    ","","","","","kg",0.011,0.4," "," "," "]
["","白水泥    ","","","","","kg",0.178,0.5,0.09," "," "]
["","乳胶漆底漆    ","","","","","kg",0.1357,20,2.71," "," "]
["","乳胶漆面漆    ","","","","","kg",0.353,22,7.77," "," "]
["","其他材料费      ","","","","","","","-","0.20","-"," "]
["","材料费小计      ","","","","","","","-","11.05","-"," "]
["项目编码 ","","(27) 011406001038 ","","项目名称 ","","抹灰面油漆 ","","计量单位","m2","工程量","1035"]
["清单综合单价组成明细           ","","","","","","","","","","",""]
["定额编号","定额项目名称","定额\r\n单位","数量","单价   ","","","","合价   ","","",""]
["","","","","人工费","材料费","机械费","管理费\r\n和利润","人工费","材料费","机械费","管理费\r\n和利润"]
["AP0324","抹灰面 刮腻子 一遍","100m2",0.01,872.84,31.56," ",213.97,8.73,0.32," ",2.14]
["AP0325","抹灰面 腻子胶刮腻子 增加一遍","100m2",0.01,266.12,19.16," ",65.24,2.66,0.19," ",0.65]
["AP0296换","内墙及天棚抹灰面 仿瓷涂料底漆一遍面漆两遍","100m2",0.01,762.97,79.99," ",187.04,7.63,0.8," ",1.87]
["人工单价 ","","小     计     ","","","","","",19.02,1.31," ",4.66]
[" 元/工日 ","","未计价材料费     ","","","","","","    ","","",""]
["清单项目综合单价       ","","","","","","","",24.99,"","",""]
["材\r\n料\r\n费\r\n明\r\n细","主要材料名称、规格、型号    ","","","","","单位","数量","单价\r\n（元）","合价\r\n（元）","暂估单价\r\n（元）","暂估合价\r\n（元）"]
["","滑石粉    ","","","","","kg",0.352,0.35,0.12," "," "]
["","腻子胶    ","","","","","kg",0.109,1.5,0.16," "," "]
["","大白粉    ","","","","","kg",0.011,0.4," "," "," "]
["","白水泥    ","","","","","kg",0.178,0.5,0.09," "," "]
["","仿瓷涂料    ","","","","","kg",0.136,2.3,0.31," "," "]
["","仿瓷涂料    ","","","","","kg",0.353,1.2,0.42," "," "]
["","其他材料费      ","","","","","","","-","0.21","-"," "]
["","材料费小计      ","","","","","","","-","1.31","-"," "]
["项目编码 ","","(28) 011601001001 ","","项目名称 ","","砖砌体拆除 ","","计量单位","m3","工程量","12.68"]
["清单综合单价组成明细           ","","","","","","","","","","",""]
["定额编号","定额项目名称","定额\r\n单位","数量","单价   ","","","","合价   ","","",""]
["","","","","人工费","材料费","机械费","管理费\r\n和利润","人工费","材料费","机械费","管理费\r\n和利润"]
["AR0002","砖(石)墙、柱拆除","m3",1,62.91," "," ",4.88,62.91," "," ",4.88]
[" "," "," "," "," "," "," "," "," "," "," "," "]
["人工单价 ","","小     计     ","","","","","",62.91," "," ",4.88]
[" 元/工日 ","","未计价材料费     ","","","","","","    ","","",""]
["清单项目综合单价       ","","","","","","","",67.79,"","",""]
["材\r\n料\r\n费\r\n明\r\n细","主要材料名称、规格、型号    ","","","","","单位","数量","单价\r\n（元）","合价\r\n（元）","暂估单价\r\n（元）","暂估合价\r\n（元）"]
["","     ","","","",""," "," "," "," "," "," "]
["","其他材料费      ","","","","","","","-"," ","-"," "]
["","材料费小计      ","","","","","","","-"," ","-"," "]
["项目编码 ","","(29) 011602001002 ","","项目名称 ","","混凝土构件拆除 ","","计量单位","m3","工程量","1.25"]
["清单综合单价组成明细           ","","","","","","","","","","",""]
["定额编号","定额项目名称","定额\r\n单位","数量","单价   ","","","","合价   ","","",""]
["","","","","人工费","材料费","机械费","管理费\r\n和利润","人工费","材料费","机械费","管理费\r\n和利润"]
["AR0021","零星混凝土","m3",1,281.03," "," ",21.82,281.03," "," ",21.82]
[" "," "," "," "," "," "," "," "," "," "," "," "]
["人工单价 ","","小     计     ","","","","","",281.03," "," ",21.82]
[" 元/工日 ","","未计价材料费     ","","","","","","    ","","",""]
["清单项目综合单价       ","","","","","","","",302.85,"","",""]
["材\r\n料\r\n费\r\n明\r\n细","主要材料名称、规格、型号    ","","","","","单位","数量","单价\r\n（元）","合价\r\n（元）","暂估单价\r\n（元）","暂估合价\r\n（元）"]
["","     ","","","",""," "," "," "," "," "," "]
["","其他材料费      ","","","","","","","-"," ","-"," "]
["","材料费小计      ","","","","","","","-"," ","-"," "]
["项目编码 ","","(30) 011604002005 ","","项目名称 ","","立面抹灰层拆除 ","","计量单位","m2","工程量","205.65"]
["清单综合单价组成明细           ","","","","","","","","","","",""]
["定额编号","定额项目名称","定额\r\n单位","数量","单价   ","","","","合价   ","","",""]
["","","","","人工费","材料费","机械费","管理费\r\n和利润","人工费","材料费","机械费","管理费\r\n和利润"]
["AR0058","墙柱面铲除 混合、水泥砂浆面","m2",1,15.03," "," ",1.17,15.03," "," ",1.17]
[" "," "," "," "," "," "," "," "," "," "," "," "]
["人工单价 ","","小     计     ","","","","","",15.03," "," ",1.17]
[" 元/工日 ","","未计价材料费     ","","","","","","    ","","",""]
["清单项目综合单价       ","","","","","","","",16.2,"","",""]
["材\r\n料\r\n费\r\n明\r\n细","主要材料名称、规格、型号    ","","","","","单位","数量","单价\r\n（元）","合价\r\n（元）","暂估单价\r\n（元）","暂估合价\r\n（元）"]
["","     ","","","",""," "," "," "," "," "," "]
["","其他材料费      ","","","","","","","-"," ","-"," "]
["","材料费小计      ","","","","","","","-"," ","-"," "]
["项目编码 ","","(31) 011604003006 ","","项目名称 ","","天棚抹灰面拆除 ","","计量单位","m2","工程量","58.36"]
["清单综合单价组成明细           ","","","","","","","","","","",""]
["定额编号","定额项目名称","定额\r\n单位","数量","单价   ","","","","合价   ","","",""]
["","","","","人工费","材料费","机械费","管理费\r\n和利润","人工费","材料费","机械费","管理费\r\n和利润"]
["AR0062","天棚面铲除 水泥、混合砂浆面","m2",1,20.82," "," ",1.62,20.82," "," ",1.62]
[" "," "," "," "," "," "," "," "," "," "," "," "]
["人工单价 ","","小     计     ","","","","","",20.82," "," ",1.62]
[" 元/工日 ","","未计价材料费     ","","","","","","    ","","",""]
["清单项目综合单价       ","","","","","","","",22.44,"","",""]
["材\r\n料\r\n费\r\n明\r\n细","主要材料名称、规格、型号    ","","","","","单位","数量","单价\r\n（元）","合价\r\n（元）","暂估单价\r\n（元）","暂估合价\r\n（元）"]
["","     ","","","",""," "," "," "," "," "," "]
["","其他材料费      ","","","","","","","-"," ","-"," "]
["","材料费小计      ","","","","","","","-"," ","-"," "]
["项目编码 ","","(32) 011605001007 ","","项目名称 ","","地面块料拆除 ","","计量单位","m2","工程量","28.95"]
["清单综合单价组成明细           ","","","","","","","","","","",""]
["定额编号","定额项目名称","定额\r\n单位","数量","单价   ","","","","合价   ","","",""]
["","","","","人工费","材料费","机械费","管理费\r\n和利润","人工费","材料费","机械费","管理费\r\n和利润"]
["AR0065","马赛克面拆除","m2",1,6.01," "," ",0.46,6.01," "," ",0.46]
["AL0068","楼地面找平层 水泥砂浆(中砂)厚度20mm 在混凝土及硬基层上 1:2","100m2",0.01,758.54,634.27,6.34,119.12,7.59,6.34,0.06,1.19]
["人工单价 ","","小     计     ","","","","","",13.6,6.34,0.06,1.65]
[" 元/工日 ","","未计价材料费     ","","","","","","    ","","",""]
["清单项目综合单价       ","","","","","","","",21.65,"","",""]
["材\r\n料\r\n费\r\n明\r\n细","主要材料名称、规格、型号    ","","","","","单位","数量","单价\r\n（元）","合价\r\n（元）","暂估单价\r\n（元）","暂估合价\r\n（元）"]
["","水泥砂浆(中砂) 1:2    ","","","","","m3",0.02023,312.8,6.33," "," "]
["","水泥 32.5    ","","","","","kg","[12.141]",0.4,"(4.86)"," "," "]
["","中砂    ","","","","","m3","[0.021]",70,"(1.47)"," "," "]
["","水    ","","","","","m3",0.012,2,0.02," "," "]
["","其他材料费      ","","","","","","","-"," ","-"," "]
["","材料费小计      ","","","","","","","-","6.34","-"," "]
["项目编码 ","","(33) 011605002008 ","","项目名称 ","","踢脚线拆除 ","","计量单位","m2","工程量"," "]
["清单综合单价组成明细           ","","","","","","","","","","",""]
["定额编号","定额项目名称","定额\r\n单位","数量","单价   ","","","","合价   ","","",""]
["","","","","人工费","材料费","机械费","管理费\r\n和利润","人工费","材料费","机械费","管理费\r\n和利润"]
["AR0067","墙柱面铲除 墙砖","m2"," ",9.25," "," ",0.71," "," "," "," "]
["AM0098","立面砂浆找平层 水泥砂浆(中砂)厚度13mm 1∶2","100m2"," ",849.51,452.49,4.47,132.85," "," "," "," "]
["人工单价 ","","小     计     ","","","","",""," "," "," "," "]
[" 元/工日 ","","未计价材料费     ","","","","","","    ","","",""]
["清单项目综合单价       ","","","","","","","","    ","","",""]
["材\r\n料\r\n费\r\n明\r\n细","主要材料名称、规格、型号    ","","","","","单位","数量","单价\r\n（元）","合价\r\n（元）","暂估单价\r\n（元）","暂估合价\r\n（元）"]
["","水泥砂浆(中砂) 1:2    ","","","","","m3"," ",312.8," "," "," "]
["","水泥 32.5    ","","","","","kg"," ",0.4," "," "," "]
["","中砂    ","","","","","m3"," ",70," "," "," "]
["","水    ","","","","","m3"," ",2," "," "," "]
["","其他材料费      ","","","","","","","-"," ","-"," "]
["","材料费小计      ","","","","","","","-"," ","-"," "]
["项目编码 ","","(34) 011607001012 ","","项目名称 ","","刚性层拆除 ","","计量单位","m2","工程量","12.56"]
["清单综合单价组成明细           ","","","","","","","","","","",""]
["定额编号","定额项目名称","定额\r\n单位","数量","单价   ","","","","合价   ","","",""]
["","","","","人工费","材料费","机械费","管理费\r\n和利润","人工费","材料费","机械费","管理费\r\n和利润"]
["AR0083","刚性层铲除 ≤40mm","10m2",0.1,180.41," "," ",14.01,18.04," "," ",1.4]
[" "," "," "," "," "," "," "," "," "," "," "," "]
["人工单价 ","","小     计     ","","","","","",18.04," "," ",1.4]
[" 元/工日 ","","未计价材料费     ","","","","","","    ","","",""]
["清单项目综合单价       ","","","","","","","",19.44,"","",""]
["材\r\n料\r\n费\r\n明\r\n细","主要材料名称、规格、型号    ","","","","","单位","数量","单价\r\n（元）","合价\r\n（元）","暂估单价\r\n（元）","暂估合价\r\n（元）"]
["","     ","","","",""," "," "," "," "," "," "]
["","其他材料费      ","","","","","","","-"," ","-"," "]
["","材料费小计      ","","","","","","","-"," ","-"," "]
["项目编码 ","","(35) 011607002013 ","","项目名称 ","","防水层拆除 ","","计量单位","m2","工程量","385"]
["清单综合单价组成明细           ","","","","","","","","","","",""]
["定额编号","定额项目名称","定额\r\n单位","数量","单价   ","","","","合价   ","","",""]
["","","","","人工费","材料费","机械费","管理费\r\n和利润","人工费","材料费","机械费","管理费\r\n和利润"]
["AR0090","塑料油膏层拆除","10m2",0.1,74.94," "," ",5.82,7.49," "," ",0.58]
[" "," "," "," "," "," "," "," "," "," "," "," "]
["人工单价 ","","小     计     ","","","","","",7.49," "," ",0.58]
[" 元/工日 ","","未计价材料费     ","","","","","","    ","","",""]
["清单项目综合单价       ","","","","","","","",8.08,"","",""]
["材\r\n料\r\n费\r\n明\r\n细","主要材料名称、规格、型号    ","","","","","单位","数量","单价\r\n（元）","合价\r\n（元）","暂估单价\r\n（元）","暂估合价\r\n（元）"]
["","     ","","","",""," "," "," "," "," "," "]
["","其他材料费      ","","","","","","","-"," ","-"," "]
["","材料费小计      ","","","","","","","-"," ","-"," "]
["项目编码 ","","(36) 011608002015 ","","项目名称 ","","铲除涂料面 ","","计量单位","m2","工程量","1175"]
["清单综合单价组成明细           ","","","","","","","","","","",""]
["定额编号","定额项目名称","定额\r\n单位","数量","单价   ","","","","合价   ","","",""]
["","","","","人工费","材料费","机械费","管理费\r\n和利润","人工费","材料费","机械费","管理费\r\n和利润"]
["AR0097","天棚铲灰壳铲除 涂料","10m2",0.0328,36.62," "," ",2.85,1.2," "," ",0.09]
["AR0098","墙面、墙裙铲除 涂料","10m2",0.06723,43.41," "," ",3.37,2.92," "," ",0.23]
["人工单价 ","","小     计     ","","","","","",4.12," "," ",0.32]
[" 元/工日 ","","未计价材料费     ","","","","","","    ","","",""]
["清单项目综合单价       ","","","","","","","",4.44,"","",""]
["材\r\n料\r\n费\r\n明\r\n细","主要材料名称、规格、型号    ","","","","","单位","数量","单价\r\n（元）","合价\r\n（元）","暂估单价\r\n（元）","暂估合价\r\n（元）"]
["","     ","","","",""," "," "," "," "," "," "]
["","其他材料费      ","","","","","","","-"," ","-"," "]
["","材料费小计      ","","","","","","","-"," ","-"," "]
["项目编码 ","","(37) 011609002018 ","","项目名称 ","","木质隔墙拆除 ","","计量单位","m2","工程量","86.46"]
["清单综合单价组成明细           ","","","","","","","","","","",""]
["定额编号","定额项目名称","定额\r\n单位","数量","单价   ","","","","合价   ","","",""]
["","","","","人工费","材料费","机械费","管理费\r\n和利润","人工费","材料费","机械费","管理费\r\n和利润"]
["AR0110","轻质隔墙、隔断拆除","10m2",0.1,77.87,1.06," ",6.05,7.79,0.11," ",0.61]
[" "," "," "," "," "," "," "," "," "," "," "," "]
["人工单价 ","","小     计     ","","","","","",7.79,0.11," ",0.61]
[" 元/工日 ","","未计价材料费     ","","","","","","    ","","",""]
["清单项目综合单价       ","","","","","","","",8.5,"","",""]
["材\r\n料\r\n费\r\n明\r\n细","主要材料名称、规格、型号    ","","","","","单位","数量","单价\r\n（元）","合价\r\n（元）","暂估单价\r\n（元）","暂估合价\r\n（元）"]
["","     ","","","",""," "," "," "," "," "," "]
["","其他材料费      ","","","","","","","-","0.11","-"," "]
["","材料费小计      ","","","","","","","-","0.11","-"," "]
["项目编码 ","","(38) 011610001028 ","","项目名称 ","","木门窗拆除 ","","计量单位","m2","工程量","47.16"]
["清单综合单价组成明细           ","","","","","","","","","","",""]
["定额编号","定额项目名称","定额\r\n单位","数量","单价   ","","","","合价   ","","",""]
["","","","","人工费","材料费","机械费","管理费\r\n和利润","人工费","材料费","机械费","管理费\r\n和利润"]
["AR0111","整樘木门窗拆除","m2",1,12.03," "," ",0.93,12.03," "," ",0.93]
[" "," "," "," "," "," "," "," "," "," "," "," "]
["人工单价 ","","小     计     ","","","","","",12.03," "," ",0.93]
[" 元/工日 ","","未计价材料费     ","","","","","","    ","","",""]
["清单项目综合单价       ","","","","","","","",12.96,"","",""]
["材\r\n料\r\n费\r\n明\r\n细","主要材料名称、规格、型号    ","","","","","单位","数量","单价\r\n（元）","合价\r\n（元）","暂估单价\r\n（元）","暂估合价\r\n（元）"]
["","     ","","","",""," "," "," "," "," "," "]
["","其他材料费      ","","","","","","","-"," ","-"," "]
["","材料费小计      ","","","","","","","-"," ","-"," "]
["项目编码 ","","(39) 011612002024 ","","项目名称 ","","卫生洁具拆除 ","","计量单位","套","工程量","2"]
["清单综合单价组成明细           ","","","","","","","","","","",""]
["定额编号","定额项目名称","定额\r\n单位","数量","单价   ","","","","合价   ","","",""]
["","","","","人工费","材料费","机械费","管理费\r\n和利润","人工费","材料费","机械费","管理费\r\n和利润"]
["CK0782","坐式大便器安装 带水箱","10组",0.1,646.28,57.36," ",121.46,64.63,5.74," ",12.15]
[" "," "," "," "," "," "," "," "," "," "," "," "]
["人工单价 ","","小     计     ","","","","","",64.63,5.74," ",12.15]
[" 元/工日 ","","未计价材料费     ","","","","","","    ","","",""]
["清单项目综合单价       ","","","","","","","",82.51,"","",""]
["材\r\n料\r\n费\r\n明\r\n细","主要材料名称、规格、型号    ","","","","","单位","数量","单价\r\n（元）","合价\r\n（元）","暂估单价\r\n（元）","暂估合价\r\n（元）"]
["","坐便器桶盖    ","","","","","套",1.01," "," "," "," "]
["","带水箱坐便器    ","","","","","个",1.01," "," "," "," "]
["","坐式带水箱    ","","","","","个",1.01," "," "," "," "]
["","带水箱配件    ","","","","","套",1.01," "," "," "," "]
["","其他材料费      ","","","","","","","-","5.74","-"," "]
["","材料费小计      ","","","","","","","-","5.74","-"," "]
["项目编码 ","","(40) 011613001023 ","","项目名称 ","","灯具拆除 ","","计量单位","套","工程量","25"]
["清单综合单价组成明细           ","","","","","","","","","","",""]
["定额编号","定额项目名称","定额\r\n单位","数量","单价   ","","","","合价   ","","",""]
["","","","","人工费","材料费","机械费","管理费\r\n和利润","人工费","材料费","机械费","管理费\r\n和利润"]
["CD1938","其他普通灯具安装 节能座灯头","10套",0.1,105.22,22.68," ",19.77,10.52,2.27," ",1.98]
[" "," "," "," "," "," "," "," "," "," "," "," "]
["人工单价 ","","小     计     ","","","","","",10.52,2.27," ",1.98]
[" 元/工日 ","","未计价材料费     ","","","","","","    ","","",""]
["清单项目综合单价       ","","","","","","","",14.77,"","",""]
["材\r\n料\r\n费\r\n明\r\n细","主要材料名称、规格、型号    ","","","","","单位","数量","单价\r\n（元）","合价\r\n（元）","暂估单价\r\n（元）","暂估合价\r\n（元）"]
["","成套灯具    ","","","","","套",1.01," "," "," "," "]
["","其他材料费      ","","","","","","","-","2.27","-"," "]
["","材料费小计      ","","","","","","","-","2.27","-"," "]

{"sheet":"F.2.2 措施项目清单综合单价分析表(分页)(表-09-1~","index":8,"n_rows":16,"n_cols":14,"rows_kept":16,"merged":[[0,0,0,13],[1,1,1,7],[1,8,1,9],[1,10,1,13],[2,0,2,2],[2,3,2,4],[2,5,2,6],[2,7,2,8],[2,9,2,10],[3,0,3,13],[4,0,5,1],[4,2,5,2],[4,3,5,3],[4,4,5,4],[4,5,4,8],[4,9,4,13],[5,9,5,10],[6,0,6,1],[6,9,6,10],[7,0,7,1],[7,9,7,10],[8,0,8,2],[8,3,8,8],[8,9,8,10],[9,0,9,2],[9,3,9,8],[9,9,9,13],[10,0,10,8],[10,9,10,13],[11,0,15,1],[11,2,11,6],[11,9,11,10],[12,2,12,6],[12,9,12,10],[13,2,13,6],[13,9,13,10],[14,2,14,8],[14,9,14,10],[15,2,15,8],[15,9,15,10]],"flags":["formulas_cached_only"]}
["综合单价分析表","","","","","","","","","","","","",""]
["工程名称：","四川警院校园维修项目【建筑与装饰工程】","","","","","","","标段：","","","","",""]
["项目编码 ","","","(1) 011701003001 ","","项目名称 ","","里脚手架 ","","计量单位","","m2","工程量","315"]
["清单综合单价组成明细           ","","","","","","","","","","","","",""]
["定额编号","","定额项目名称","定额\r\n单位","数量","单价   ","","","","合价   ","","","",""]
["","","","","","人工费","材料费","机械费","管理费\r\n和利润","人工费","","材料费","机械费","管理费\r\n和利润"]
["AS0018","","里脚手架","100m2",0.01,455.57,92.8,29.84,44.67,4.56,"",0.93,0.3,0.45]
[" ",""," "," "," "," "," "," "," "," ",""," "," "," "]
["人工单价 ","","","小     计     ","","","","","",4.56,"",0.93,0.3,0.45]
[" 元/工日 ","","","未计价材料费     ","","","","","","    ","","","",""]
["清单项目综合单价       ","","","","","","","","",6.23,"","","",""]
["材\r\n料\r\n费\r\n明\r\n细","","主要材料名称、规格、型号    ","","","","","单位","数量","单价\r\n（元）","","合价\r\n（元）","暂估单价\r\n（元）","暂估合价\r\n（元）"]
["","","脚手架钢材    ","","","","","kg",0.013,4.5,"",0.06," "," "]
["","","锯材 综合    ","","","","","m3",8e-05,1200,"",0.1," "," "]
["","","其他材料费      ","","","","","","","-","","0.77","-"," "]
["","","材料费小计      ","","","","","","","-","","0.93","-"," "]

{"sheet":"F.4 总价措施项目清单计价表(表-11)【学院食堂职工宿舍~","index":9,"n_rows":9,"n_cols":12,"rows_kept":9,"merged":[[0,0,0,11],[1,0,1,1],[1,2,1,5],[1,6,1,7],[1,8,1,11],[2,1,2,2],[2,3,2,4],[2,8,2,9],[3,1,3,2],[3,3,3,4],[3,8,3,9],[4,1,4,2],[4,3,4,4],[4,8,4,9],[5,1,5,2],[5,3,5,4],[5,8,5,9],[6,1,6,2],[6,3,6,4],[6,8,6,9],[7,1,7,2],[7,3,7,4],[7,8,7,9],[8,0,8,6],[8,8,8,9]],"flags":["formulas_cached_only"]}
["总价措施项目清单计价表","","","","","","","","","","",""]
["工程名称：","","四川警院校园维修项目【建筑与装饰工程】","","","","标段：","","","","",""]
["序 号","项目编码","","项目名称","","计算基础","费率\r\n（%）","金额\r\n（元）","调整费率\r\n(%)","","调整后\r\n金额(元)","备注"]
["1","011707001001","","安全文明施工",""," "," ",10997.15,"","",""," "]
["1.1","①","","环境保护","","分部分项定额人工费+单价措施定额人工费","0.4",205.94,"","",""," "]
["1.2","②","","文明施工","","分部分项定额人工费+单价措施定额人工费","4.96",2553.65,"","",""," "]
["1.3","③","","安全施工","","分部分项定额人工费+单价措施定额人工费","9.18",4726.3,"","",""," "]
["1.4","④","","临时设施","","分部分项定额人工费+单价措施定额人工费","6.82",3511.26,"","",""," "]
["合　　计","","","","","","",10997.15,"-","","-","-"]

{"sheet":"G.1 其他项目清单计价汇总表(表-12)【学院食堂职工宿舍~","index":10,"n_rows":10,"n_cols":6,"rows_kept":10,"merged":[[0,0,0,5],[1,2,1,4],[2,4,2,5],[3,4,3,5],[4,4,4,5],[5,4,5,5],[6,4,6,5],[7,4,7,5],[8,4,8,5],[9,0,9,1],[9,4,9,5]],"flags":["formulas_cached_only"]}
["其他项目清单与计价汇总表","","","","",""]
["工程名称：","四川警院校园维修项目【建筑与装饰工程】","标段：","","",""]
["序号","项 目 名 称","金额（元）","结算金额(元)","备注",""]
["1","暂列金额",15000,"","明细详见表-12-1",""]
["2","暂估价"," ",""," ",""]
["2.1","材料(工程设备)暂估价/结算价","-","","明细详见表-12-2",""]
["2.2","专业工程暂估价/结算价"," ","","明细详见表-12-3",""]
["3","计日工",1261.2,"","明细详见表-12-4",""]
["4","总承包服务费"," ","","明细详见表-12-5",""]
["合　　计","",16261.2,"","-",""]

{"sheet":"G.2 暂列金额明细表(表-12-1)【学院食堂职工宿舍维修~","index":11,"n_rows":5,"n_cols":5,"rows_kept":5,"merged":[[0,0,0,4],[1,2,1,3],[4,0,4,2]],"flags":["formulas_cached_only"]}
["暂列金额明细表","","","",""]
["工程名称：","四川警院校园维修项目【建筑与装饰工程】","标段：","",""]
["序号","项目名称","计量单位","暂定金额(元)","备注"]
["1","暂列金额","项",15000," "]
["合　　计","","","15000.00","-"]

{"sheet":"G.5 计日工表(表-12-4)【学院食堂职工宿舍维修改造‖~","index":12,"n_rows":16,"n_cols":9,"rows_kept":16,"merged":[[0,0,0,8],[1,1,1,3],[1,4,1,6],[1,7,1,8],[2,0,3,0],[2,1,3,1],[2,2,3,2],[2,3,3,4],[2,5,3,5],[2,6,3,6],[2,7,2,8],[4,3,4,4],[5,3,5,4],[6,3,6,4],[7,3,7,4],[8,3,8,4],[9,0,9,5],[10,3,10,4],[11,0,11,5],[12,3,12,4],[13,0,13,5],[14,0,14,6],[15,0,15,6]],"flags":["formulas_cached_only"]}
["计 日 工 表","","","","","","","",""]
["工程名称：","四川警院校园维修项目【建筑与装饰工程】","","","标段：","","","",""]
["编号","项目名称","单位","暂定数量","","实际数量","综合单价（元）","合价（元）",""]
["","","","","","","","暂定","实际"]
["一","人工"," "," ","",""," "," ",""]
["1","抹灰工程、房屋建筑维修与加固工程普工","工日",2,"","",81,162,""]
["2","房屋建筑维修与加固工程混凝土工","工日",2,"","",119,238,""]
["3","土建、房屋建筑维修与加固工程技工","工日",2,"","",123,246,""]
["4","装饰普工（抹灰工程除外）","工日",5,"","",81,405,""]
["人工小计   ","","","","",""," ",1051,""]
["二","材料"," "," ","",""," "," ",""]
["材料小计   ","","","","",""," "," ",""]
["三","施工机械"," "," ","",""," "," ",""]
["施工机械小计   ","","","","",""," "," ",""]
["   四、综合费    ","","","","","","",210.2,""]
["总  计","","","","","","",1261.2,""]

{"sheet":"H 规费、税金项目清单计价表(表-13)【学院食堂职工宿舍维~","index":13,"n_rows":14,"n_cols":6,"rows_kept":14,"merged":[[0,0,0,5],[1,1,1,2],[1,3,1,4],[13,0,13,4]],"flags":["formulas_cached_only"]}
["规费、税金项目计价表","","","","",""]
["工程名称：","四川警院校园维修项目【建筑与装饰工程】","","标段：","",""]
["序号","项目名称","计算基础","计算基数","计算费率（％）","金额(元)"]
["1","规费","分部分项清单定额人工费+单价措施项目清单定额人工费"," "," ","7722.72"]
["1.1","社会保险费","分部分项清单定额人工费+单价措施项目清单定额人工费"," "," ","6023.72"]
["(1)","养老保险费","分部分项清单定额人工费+单价措施项目清单定额人工费",51484.8,"7.5","3861.36"]
["(2)","失业保险费","分部分项清单定额人工费+单价措施项目清单定额人工费",51484.8,"0.6","308.91"]
["(3)","医疗保险费","分部分项清单定额人工费+单价措施项目清单定额人工费",51484.8,"2.7","1390.09"]
["(4)","工伤保险费","分部分项清单定额人工费+单价措施项目清单定额人工费",51484.8,"0.7","360.39"]
["(5)","生育保险费","分部分项清单定额人工费+单价措施项目清单定额人工费",51484.8,"0.2","102.97"]
["1.2","住房公积金","分部分项清单定额人工费+单价措施项目清单定额人工费",51484.8,"3.3","1699.00"]
["1.3","工程排污费","按工程所在地环境保护部门收取标准，按实计入"," "," "," "]
["2","销项增值税额","分部分项工程费+措施项目费+其他项目费+规费+创优质工程奖补偿奖励费-按规定不计税的工程设备金额-甲供材料（设备）设备费",155093.03,"11","17060.23"]
["合计","","","","",24782.95]

{"sheet":"L.1 发包人提供主要材料和工程设备一览表(表-20)【学院~","index":14,"n_rows":4,"n_cols":8,"rows_kept":4,"merged":[[0,0,0,7],[1,1,1,3],[1,4,1,6]],"flags":["formulas_cached_only"]}
["发包人提供主要材料和工程设备一览表","","","","","","",""]
["工程名称：","四川警院校园维修项目【建筑与装饰工程】","","","标段：","","",""]
["序号","材料(工程设备)名称、规格、型号","单位","数量","  单价(元)","  交货方式","  送达地点","备注"]
[" "," "," "," "," "," "," "," "]

{"sheet":"L.2 承包人提供主要材料和工程设备一览表(表-21)【学院~","index":15,"n_rows":53,"n_cols":10,"rows_kept":53,"merged":[[0,0,0,9],[1,1,1,4],[1,5,1,7],[1,8,1,9],[2,4,2,5],[3,4,3,5],[4,4,4,5],[5,4,5,5],[6,4,6,5],[7,4,7,5],[8,4,8,5],[9,4,9,5],[10,4,10,5],[11,4,11,5],[12,4,12,5],[13,4,13,5],[14,4,14,5],[15,4,15,5],[16,4,16,5],[17,4,17,5],[18,4,18,5],[19,4,19,5],[20,4,20,5],[21,4,21,5],[22,4,22,5],[23,4,23,5],[24,4,24,5],[25,4,25,5],[26,4,26,5],[27,4,27,5],[28,4,28,5],[29,4,29,5],[30,4,30,5],[31,4,31,5],[32,4,32,5],[33,4,33,5],[34,4,34,5],[35,4,35,5],[36,4,36,5],[37,4,37,5],[38,4,38,5],[39,4,39,5],[40,4,40,5],[41,4,41,5],[42,4,42,5],[43,4,43,5],[44,4,44,5],[45,4,45,5],[46,4,46,5],[47,4,47,5],[48,4,48,5],[49,4,49,5],[50,4,50,5],[51,4,51,5],[52,4,52,5]],"flags":["formulas_cached_only"]}
[" 承包人提供主要材料和工程设备一览表\r\n（适用造价信息差额调整法）","","","","","","","","",""]
["工程名称：","四川警院校园维修项目【建筑与装饰工程】","","","","标段：","","","",""]
["序号","名称、规格、型号","单位","数量","风险系数(%)","","基准单价(元)","投标单价(元)","发承包人确认单价(元)","备注"]
["1","其他材料费","元",723.962," ","",1,"",""," "]
["2","水泥 32.5","kg",5933.912," ","",0.4,"",""," "]
["3","中砂","m3",4.297," ","",70,"",""," "]
["4","水","m3",14.516," ","",2,"",""," "]
["5","成套灯具","套",25.25," ",""," ","",""," "]
["6","坐便器桶盖","套",2.02," ",""," ","",""," "]
["7","带水箱坐便器","个",2.02," ",""," ","",""," "]
["8","坐式带水箱","个",2.02," ",""," ","",""," "]
["9","带水箱配件","套",2.02," ",""," ","",""," "]
["10","柴油(机械)","kg",33.276," ","",8.5,"",""," "]
["11","石膏砌块","m2",16.275," ","",35,"",""," "]
["12","方格网","m2",1.813," ","",5,"",""," "]
["13","水泥钉","kg",0.08," ","",7,"",""," "]
["14","粘结石膏","kg",46.5," ","",1.2,"",""," "]
["15","镶板门带框（有亮）","m2",46.288," ","",300,"",""," "]
["16","合页","只",83.248," ","",1.5,"",""," "]
["17","膨胀螺栓 M8","套",339.614," ","",0.5,"",""," "]
["18","执手锁","把",25," ","",30,"",""," "]
["19","彩釉地砖 600×600","m2",26.548," ","",50,"",""," "]
["20","白水泥","kg",222.108," ","",0.5,"",""," "]
["21","彩釉地砖 300×300","m2",34.272," ","",33,"",""," "]
["22","锯材 综合","m3",0.389," ","",1200,"",""," "]
["23","铝塑板 内墙","m2",26.565," ","",50,"",""," "]
["24","立得时胶","kg",8.235," ","",16,"",""," "]
["25","装配式T型铝合金龙骨","m2",25.806," ","",10,"",""," "]
["26","加工铁件","kg",5.996," ","",5,"",""," "]
["27","预埋铁件","kg",0.01," ","",5,"",""," "]
["28","滑石粉","kg",404.686," ","",0.35,"",""," "]
["29","腻子胶","kg",125.006," ","",1.5,"",""," "]
["30","大白粉","kg",12.306," ","",0.4,"",""," "]
["31","乳胶漆底漆","kg",15.606," ","",20,"",""," "]
["32","乳胶漆面漆","kg",40.595," ","",22,"",""," "]
["33","仿瓷涂料","kg",140.45," ","",2.3,"",""," "]
["34","仿瓷涂料","kg",365.355," ","",1.2,"",""," "]
["35","脚手架钢材","kg",4.032," ","",4.5,"",""," "]
["36","汽油(机械)","kg",0.473," ","",9,"",""," "]
["37","标准砖","千匹",12.766," ","",400,"",""," "]
["38","细砂","m3",19.482," ","",60,"",""," "]
["39","石灰膏","m3",2.289," ","",130,"",""," "]
["40","烧结多孔砖 115×115×240","千匹",6.564," ","",380,"",""," "]
["41","烧结多孔砖(KP1型) 240×115×90","千匹",9.009," ","",340,"",""," "]
["42","805胶水","kg",8.711," ","",1,"",""," "]
["43","透明腻子","kg",6.229," ","",15,"",""," "]
["44","防火涂料","kg",14.248," ","",12,"",""," "]
["45","调和漆 白酯胶调和漆","kg",18.695," ","",12,"",""," "]
["46","熟桐油","kg",1.693," ","",8,"",""," "]
["47","油漆溶剂油 200#","kg",4.435," ","",5,"",""," "]
["48","面砖 ≤600×600","m2",16.536," ","",50,"",""," "]
["49","面砖 95×95","m2",55.978," ","",16,"",""," "]
["50","高强度塑胶压缩板隔断","m2",8.772," ","",120,"",""," "]

{"sheet":"L.3 承包人提供主要材料和工程设备一览表(表-22)【学院~","index":16,"n_rows":55,"n_cols":6,"rows_kept":55,"merged":[[0,0,0,5],[1,1,1,2],[1,4,1,5],[54,0,54,1]],"flags":["formulas_cached_only"]}
[" 承包人提供主要材料和工程设备一览表\r\n（适用于价格指数差额调整法）","","","","",""]
["工程名称：","四川警院校园维修项目【建筑与装饰工程】","","标段：","",""]
["序号","名称、规格、型号","变值权重B","基本价格指数F0","现行价格指数Ft","备注"]
["1","其他材料费",""," "," "," "]
["2","水泥 32.5",""," "," "," "]
["3","中砂",""," "," "," "]
["4","水",""," "," "," "]
["5","成套灯具",""," "," "," "]
["6","坐便器桶盖",""," "," "," "]
["7","带水箱坐便器",""," "," "," "]
["8","坐式带水箱",""," "," "," "]
["9","带水箱配件",""," "," "," "]
["10","柴油(机械)",""," "," "," "]
["11","石膏砌块",""," "," "," "]
["12","方格网",""," "," "," "]
["13","水泥钉",""," "," "," "]
["14","粘结石膏",""," "," "," "]
["15","镶板门带框（有亮）",""," "," "," "]
["16","合页",""," "," "," "]
["17","膨胀螺栓 M8",""," "," "," "]
["18","执手锁",""," "," "," "]
["19","彩釉地砖 600×600",""," "," "," "]
["20","白水泥",""," "," "," "]
["21","彩釉地砖 300×300",""," "," "," "]
["22","锯材 综合",""," "," "," "]
["23","铝塑板 内墙",""," "," "," "]
["24","立得时胶",""," "," "," "]
["25","装配式T型铝合金龙骨",""," "," "," "]
["26","加工铁件",""," "," "," "]
["27","预埋铁件",""," "," "," "]
["28","滑石粉",""," "," "," "]
["29","腻子胶",""," "," "," "]
["30","大白粉",""," "," "," "]
["31","乳胶漆底漆",""," "," "," "]
["32","乳胶漆面漆",""," "," "," "]
["33","仿瓷涂料",""," "," "," "]
["34","仿瓷涂料",""," "," "," "]
["35","脚手架钢材",""," "," "," "]
["36","汽油(机械)",""," "," "," "]
["37","标准砖",""," "," "," "]
["38","细砂",""," "," "," "]
["39","石灰膏",""," "," "," "]
["40","烧结多孔砖 115×115×240",""," "," "," "]
["41","烧结多孔砖(KP1型) 240×115×90",""," "," "," "]
["42","805胶水",""," "," "," "]
["43","透明腻子",""," "," "," "]
["44","防火涂料",""," "," "," "]
["45","调和漆 白酯胶调和漆",""," "," "," "]
["46","熟桐油",""," "," "," "]
["47","油漆溶剂油 200#",""," "," "," "]
["48","面砖 ≤600×600",""," "," "," "]
["49","面砖 95×95",""," "," "," "]
["50","高强度塑胶压缩板隔断",""," "," "," "]
["","定值权重 A","1","","",""]
["合   计","","1","","",""]

{"sheet":"E.3 单位工程招标控制价汇总表(表-04)【学院食堂职工~1","index":17,"n_rows":19,"n_cols":5,"rows_kept":19,"merged":[[0,0,0,4],[1,0,1,1],[2,1,2,2],[3,1,3,2],[4,1,4,2],[5,1,5,2],[6,1,6,2],[7,1,7,2],[8,1,8,2],[9,1,9,2],[10,1,10,2],[11,1,11,2],[12,1,12,2],[13,1,13,2],[14,1,14,2],[15,1,15,2],[16,1,16,2],[17,1,17,2],[18,0,18,2]],"flags":["formulas_cached_only"]}
["单位工程招标控制价汇总表","","","",""]
["工程名称：","","四川警院校园维修项目【安装工程】","标段：",""]
["序号","汇总内容","","金  额（元）","其中:暂估价(元)"]
["1","分部分项及单价措施项目","",13707.24," "]
[" ","房间电源改造","",6422.25," "]
[" ","公共区域电源改造","",7284.99," "]
["2","总价措施项目","",1048.23,"-"]
["2.1","其中：安全文明施工费","",1048.23,"-"]
["3","其他项目","",6440,"-"]
["3.1","其中：暂列金额","",5000,"-"]
["3.2","其中：专业工程暂估价",""," ","-"]
["3.3","其中：计日工","",1440,"-"]
["3.4","其中：总承包服务费",""," ","-"]
["4","规费","",1139.38,"-"]
["5","创优质工程奖补偿奖励费",""," ","-"]
["6","税前工程造价","",22334.85,"-"]
["6.1","其中：甲供材料（设备）费",""," ","-"]
["7","销项增值税额","",2456.83,"-"]
[" 招标控制价/投标报价总价合计=税前工程造价+销项增值税额","","",24791.68," "]

{"sheet":"F.1.1 分部分项工程和单价措施项目清单与计价表(表-0~1","index":18,"n_rows":32,"n_cols":11,"rows_kept":32,"merged":[[0,0,0,10],[1,0,1,1],[1,2,1,6],[1,7,1,8],[1,9,1,10],[2,0,4,0],[2,1,4,2],[2,3,4,3],[2,4,4,4],[2,5,4,5],[2,6,4,7],[2,8,2,10],[3,8,4,8],[3,9,4,9],[5,1,5,2],[5,3,5,4],[5,6,5,7],[6,1,6,2],[6,6,6,7],[7,1,7,2],[7,6,7,7],[8,1,8,2],[8,6,8,7],[9,1,9,2],[9,6,9,7],[10,1,10,2],[10,6,10,7],[11,1,11,2],[11,6,11,7],[12,1,12,2],[12,6,12,7],[13,1,13,2],[13,6,13,7],[14,1,14,2],[14,6,14,7],[15,1,15,2],[15,6,15,7],[16,1,16,2],[16,3,16,4],[16,6,16,7],[17,1,17,2],[17,3,17,4],[17,6,17,7],[18,1,18,2],[18,6,18,7],[19,1,19,2],[19,6,19,7],[20,1,20,2],[20,6,20,7],[21,1,21,2],[21,6,21,7],[22,1,22,2],[22,6,22,7],[23,1,23,2],[23,6,23,7],[24,1,24,2],[24,6,24,7],[25,1,25,2],[25,6,25,7],[26,1,26,2],[26,6,26,7],[27,1,27,2],[27,6,27,7],[28,1,28,2],[28,6,28,7],[29,1,29,2],[29,6,29,7],[30,1,30,2],[30,3,30,4],[30,6,30,7],[31,0,31,8]],"flags":["formulas_cached_only"]}
["分部分项工程和单价措施项目清单与计价表","","","","","","","","","",""]
["工程名称：","","四川警院校园维修项目【安装工程】","","","","","标段：","","",""]
["序号","项目编码","","项目名称","项目特征","计量\r\n单位","工程\r\n量","","金额（元）","",""]
["","","","","","","","","综合单价","合价","其   中"]
["","","","","","","","","","","暂估价"]
[" "," ","","房间电源改造 ",""," "," ",""," "," "," "]
["1","030404034015","","照明开关","1.名称：照明明装开关 \r\n2.材质：塑料 \r\n3.规格：单联单控 \r\n4.安装方式：明装","个",15,"",9.64,144.6,""]
["2","030404035016","","插座","1.名称：明装5孔插座 \r\n2.材质：塑料 \r\n3.规格：5孔插座 \r\n4.安装方式：明装","个",45,"",12.5,562.5,""]
["3","030411006017","","接线盒","1.名称：明装接线盒 \r\n2.材质：塑料 \r\n3.安装形式：明装","个",60,"",7.89,473.4,""]
["4","030412001018","","普通灯具","1.名称：LED节能灯 \r\n2.规格型号：25W \r\n3.类型：含明装灯座与灯泡\r\n","套",15,"",25.62,384.3,""]
["5","030411004019","","照明配线","1.名称：照明配线 \r\n2.配线形式：管内穿线\r\n3.规格、型号、材质：3*2.5mm2铜芯线\r\n4. 配线部位：房间照明灯具\r\n","m",720,"",1.04,748.8,""]
["6","030411001020","","照明配管","1.名称：照明配管 \r\n2.规格、材质：PVC16 \r\n3.配置形式：开槽暗配 \r\n","m",240,"",6.41,1538.4,""]
["7","030411004021","","插座配线","1.名称：插座配线 \r\n2.配线形式：管内穿线\r\n3.规格、型号、材质：3*4.0mm2铜芯线\r\n4. 配线部位：房间插座\r\n","m",540,"",0.77,415.8,""]
["8","030411001022","","插座配管","1.名称：照明配管 \r\n2.规格、材质：PVC20\r\n3.配置形式：开槽暗配 \r\n","m",180,"",6.41,1153.8,""]
["9","030411004023","","风扇配线","1.名称：风扇配线 \r\n2.配线形式：管内穿线\r\n3.规格、型号、材质：3*2.5mm2铜芯线\r\n4.配线部位：房间风扇\r\n\r\n","m",315,"",1.04,327.6,""]
["10","030411001024","","风扇配管","1.名称：照明配管 \r\n2.规格、材质：PVC16 \r\n3.配置形式：开槽暗配 \r\n","m",105,"",6.41,673.05,""]
[" "," ","","分部小计 ",""," "," ",""," ",6422.25," "]
[" "," ","","公共区域电源改造 ",""," "," ",""," "," "," "]
["11","030404016011","","控制箱","1.名称 \r\n2.型号 \r\n3.规格 \r\n4.基础形式、材质、规格 \r\n5.接线端子材质、规格 \r\n6.端子板外部接线材质、规格 \r\n7.安装方式","台",2,"",253.84,507.68,""]
["12","030411004004","","配线","1.名称：控制箱回路配线 \r\n2.配线形式：管内穿线\r\n3.规格、型号、材质：4*4.0mm2铜芯线\r\n4. 配线部位：公共区域配电箱\r\n\r\n","m",1960,"",0.77,1509.2,""]
["13","030411001003","","配管","1.名称：控制箱配管 \r\n2.规格、材质：PVC20\r\n3.配置形式：开槽暗配 \r\n","m",123,"",6.41,788.43,""]
["14","030404019025","","控制开关","1.名称：漏电保护控制空气开关 \r\n2.型号、规格：2P/NXB-63","个",3,"",85.3,255.9,""]
["15","030411006005","","接线盒","1.名称：明装接线盒 \r\n2.材质、规格：塑料、普通 \r\n3.安装形式：明装","个",17,"",7.89,134.13,""]
["16","030412001008","","LED节能灯","1.名称：LED节能灯 \r\n2.型号、规格：300*300,100W \r\n3.安装方式：明装\r\n4.安装部位：过道与楼梯","套",7,"",14.55,101.85,""]
["17","030404034009","","明装开关","1.名称：明装开关 \r\n2.材质、规格：塑料单开 \r\n3.安装部位：过道和楼梯","个",7,"",9.64,67.48,""]
["18","030411004019","","配线","1.名称：照明配线 \r\n2.配线形式：管内穿线\r\n3.规格、型号、材质：2.5mm2铜芯线\r\n4. 配线部位：公共区域","m",720,"",1.04,748.8,""]
["19","030411001020","","配管","1.名称：公共区域照明配管 \r\n2.规格、材质：PVC16 \r\n3.配置形式：明配","m",240,"",11.9,2856,""]
["20","030404035010","","插座","1.名称：5孔插座 \r\n2.材质：塑料 \r\n3.规格：5孔 \r\n4.安装位置：过道和楼梯","个",8,"",10.61,84.88,""]
["21","030412004013","","安全出口","1.名称：安全出口指示灯 \r\n2.型号、规格：尺寸300*100，绿色灯光 \r\n3.安装形式：嵌入式","套",4,"",27.38,109.52,""]
["22","030412001014","","应急灯","1.名称：应急灯 \r\n2.型号、规格：100W，圆形 :","套",4,"",30.28,121.12,""]
[" "," ","","分部小计 ",""," "," ",""," ",7284.99," "]
["合　　计","","","","","","","","",13707.24,""]

{"sheet":"F.2.1 分部分项工程清单综合单价分析表(分页)(表-0~1","index":19,"n_rows":288,"n_cols":12,"rows_kept":288,"merged":[[0,0,0,11],[1,1,1,6],[1,7,1,8],[1,9,1,11],[2,0,2,1],[2,2,2,3],[2,4,2,5],[2,6,2,7],[3,0,3,11],[4,0,5,0],[4,1,5,1],[4,2,5,2],[4,3,5,3],[4,4,4,7],[4,8,4,11],[8,0,8,1],[8,2,8,7],[9,0,9,1],[9,2,9,7],[9,8,9,11],[10,0,10,7],[10,8,10,11],[11,0,14,0],[11,1,11,5],[12,1,12,5],[13,1,13,7],[14,1,14,7],[15,0,15,1],[15,2,15,3],[15,4,15,5],[15,6,15,7],[16,0,16,11],[17,0,18,0],[17,1,18,1],[17,2,18,2],[17,3,18,3],[17,4,17,7],[17,8,17,11],[21,0,21,1],[21,2,21,7],[22,0,22,1],[22,2,22,7],[22,8,22,11],[23,0,23,7],[23,8,23,11],[24,0,27,0],[24,1,24,5],[25,1,25,5],[26,1,26,7],[27,1,27,7],[28,0,28,1],[28,2,28,3],[28,4,28,5],[28,6,28,7],[29,0,29,11],[30,0,31,0],[30,1,31,1],[30,2,31,2],[30,3,31,3],[30,4,30,7],[30,8,30,11],[34,0,34,1],[34,2,34,7],[35,0,35,1],[35,2,35,7],[35,8,35,11],[36,0,36,7],[36,8,36,11],[37,0,40,0],[37,1,37,5],[38,1,38,5],[39,1,39,7],[40,1,40,7],[41,0,41,1],[41,2,41,3],[41,4,41,5],[41,6,41,7],[42,0,42,11],[43,0,44,0],[43,1,44,1],[43,2,44,2],[43,3,44,3],[43,4,43,7],[43,8,43,11],[47,0,47,1],[47,2,47,7],[48,0,48,1],[48,2,48,7],[48,8,48,11],[49,0,49,7],[49,8,49,11],[50,0,53,0],[50,1,50,5],[51,1,51,5],[52,1,52,7],[53,1,53,7],[54,0,54,1],[54,2,54,3],[54,4,54,5],[54,6,54,7],[55,0,55,11],[56,0,57,0],[56,1,57,1],[56,2,57,2],[56,3,57,3],[56,4,56,7],[56,8,56,11],[60,0,60,1],[60,2,60,7],[61,0,61,1],[61,2,61,7],[61,8,61,11],[62,0,62,7],[62,8,62,11],[63,0,66,0],[63,1,63,5],[64,1,64,5],[65,1,65,7],[66,1,66,7],[67,0,67,1],[67,2,67,3],[67,4,67,5],[67,6,67,7],[68,0,68,11],[69,0,70,0],[69,1,70,1],[69,2,70,2],[69,3,70,3],[69,4,69,7],[69,8,69,11],[73,0,73,1],[73,2,73,7],[74,0,74,1],[74,2,74,7],[74,8,74,11],[75,0,75,7],[75,8,75,11],[76,0,79,0],[76,1,76,5],[77,1,77,5],[78,1,78,7],[79,1,79,7],[80,0,80,1],[80,2,80,3],[80,4,80,5],[80,6,80,7],[81,0,81,11],[82,0,83,0],[82,1,83,1],[82,2,83,2],[82,3,83,3],[82,4,82,7],[82,8,82,11],[86,0,86,1],[86,2,86,7],[87,0,87,1],[87,2,87,7],[87,8,87,11],[88,0,88,7],[88,8,88,11],[89,0,92,0],[89,1,89,5],[90,1,90,5],[91,1,91,7],[92,1,92,7],[93,0,93,1],[93,2,93,3],[93,4,93,5],[93,6,93,7],[94,0,94,11],[95,0,96,0],[95,1,96,1],[95,2,96,2],[95,3,96,3],[95,4,95,7],[95,8,95,11],[99,0,99,1],[99,2,99,7],[100,0,100,1],[100,2,100,7],[100,8,100,11],[101,0,101,7],[101,8,101,11],[102,0,105,0],[102,1,102,5],[103,1,103,5],[104,1,104,7],[105,1,105,7],[106,0,106,1],[106,2,106,3],[106,4,106,5],[106,6,106,7],[107,0,107,11],[108,0,109,0],[108,1,109,1],[108,2,109,2],[108,3,109,3],[108,4,108,7],[108,8,108,11],[112,0,112,1],[112,2,112,7],[113,0,113,1],[113,2,113,7],[113,8,113,11],[114,0,114,7],[114,8,114,11],[115,0,118,0],[115,1,115,5],[116,1,116,5],[117,1,117,7],[118,1,118,7],[119,0,119,1],[119,2,119,3],[119,4,119,5],[119,6,119,7],[120,0,120,11],[121,0,122,0],[121,1,122,1],[121,2,122,2],[121,3,122,3],[121,4,121,7],[121,8,121,11],[125,0,125,1],[125,2,125,7],[126,0,126,1],[126,2,126,7],[126,8,126,11],[127,0,127,7],[127,8,127,11],[128,0,131,0],[128,1,128,5],[129,1,129,5],[130,1,130,7],[131,1,131,7],[132,0,132,1],[132,2,132,3],[132,4,132,5],[132,6,132,7],[133,0,133,11],[134,0,135,0],[134,1,135,1],[134,2,135,2],[134,3,135,3],[134,4,134,7],[134,8,134,11],[138,0,138,1],[138,2,138,7],[139,0,139,1],[139,2,139,7],[139,8,139,11],[140,0,140,7],[140,8,140,11],[141,0,144,0],[141,1,141,5],[142,1,142,5],[143,1,143,7],[144,1,144,7],[145,0,145,1],[145,2,145,3],[145,4,145,5],[145,6,145,7],[146,0,146,11],[147,0,148,0],[147,1,148,1],[147,2,148,2],[147,3,148,3],[147,4,147,7],[147,8,147,11],[151,0,151,1],[151,2,151,7],[152,0,152,1],[152,2,152,7],[152,8,152,11],[153,0,153,7],[153,8,153,11],[154,0,157,0],[154,1,154,5],[155,1,155,5],[156,1,156,7],[157,1,157,7],[158,0,158,1],[158,2,158,3],[158,4,158,5],[158,6,158,7],[159,0,159,11],[160,0,161,0],[160,1,161,1],[160,2,161,2],[160,3,161,3],[160,4,160,7],[160,8,160,11],[164,0,164,1],[164,2,164,7],[165,0,165,1],[165,2,165,7],[165,8,165,11],[166,0,166,7],[166,8,166,11],[167,0,170,0],[167,1,167,5],[168,1,168,5],[169,1,169,7],[170,1,170,7],[171,0,171,1],[171,2,171,3],[171,4,171,5],[171,6,171,7],[172,0,172,11],[173,0,174,0],[173,1,174,1],[173,2,174,2],[173,3,174,3],[173,4,173,7],[173,8,173,11],[177,0,177,1],[177,2,177,7],[178,0,178,1],[178,2,178,7],[178,8,178,11],[179,0,179,7],[179,8,179,11],[180,0,183,0],[180,1,180,5],[181,1,181,5],[182,1,182,7],[183,1,183,7],[184,0,184,1],[184,2,184,3],[184,4,184,5],[184,6,184,7],[185,0,185,11],[186,0,187,0],[186,1,187,1],[186,2,187,2],[186,3,187,3],[186,4,186,7],[186,8,186,11],[190,0,190,1],[190,2,190,7],[191,0,191,1],[191,2,191,7],[191,8,191,11],[192,0,192,7],[192,8,192,11],[193,0,196,0],[193,1,193,5],[194,1,194,5],[195,1,195,7],[196,1,196,7],[197,0,197,1],[197,2,197,3],[197,4,197,5],[197,6,197,7],[198,0,198,11],[199,0,200,0],[199,1,200,1],[199,2,200,2],[199,3,200,3],[199,4,199,7],[199,8,199,11],[203,0,203,1],[203,2,203,7],[204,0,204,1],[204,2,204,7],[204,8,204,11],[205,0,205,7],[205,8,205,11],[206,0,209,0],[206,1,206,5],[207,1,207,5],[208,1,208,7],[209,1,209,7],[210,0,210,1],[210,2,210,3],[210,4,210,5],[210,6,210,7],[211,0,211,11],[212,0,213,0],[212,1,213,1],[212,2,213,2],[212,3,213,3],[212,4,212,7],[212,8,212,11],[216,0,216,1],[216,2,216,7],[217,0,217,1],[217,2,217,7],[217,8,217,11],[218,0,218,7],[218,8,218,11],[219,0,222,0],[219,1,219,5],[220,1,220,5],[221,1,221,7],[222,1,222,7],[223,0,223,1],[223,2,223,3],[223,4,223,5],[223,6,223,7],[224,0,224,11],[225,0,226,0],[225,1,226,1],[225,2,226,2],[225,3,226,3],[225,4,225,7],[225,8,225,11],[229,0,229,1],[229,2,229,7],[230,0,230,1],[230,2,230,7],[230,8,230,11],[231,0,231,7],[231,8,231,11],[232,0,235,0],[232,1,232,5],[233,1,233,5],[234,1,234,7],[235,1,235,7],[236,0,236,1],[236,2,236,3],[236,4,236,5],[236,6,236,7],[237,0,237,11],[238,0,239,0],[238,1,239,1],[238,2,239,2],[238,3,239,3],[238,4,238,7],[238,8,238,11],[242,0,242,1],[242,2,242,7],[243,0,243,1],[243,2,243,7],[243,8,243,11],[244,0,244,7],[244,8,244,11],[245,0,248,0],[245,1,245,5],[246,1,246,5],[247,1,247,7],[248,1,248,7],[249,0,249,1],[249,2,249,3],[249,4,249,5],[249,6,249,7],[250,0,250,11],[251,0,252,0],[251,1,252,1],[251,2,252,2],[251,3,252,3],[251,4,251,7],[251,8,251,11],[255,0,255,1],[255,2,255,7],[256,0,256,1],[256,2,256,7],[256,8,256,11],[257,0,257,7],[257,8,257,11],[258,0,261,0],[258,1,258,5],[259,1,259,5],[260,1,260,7],[261,1,261,7],[262,0,262,1],[262,2,262,3],[262,4,262,5],[262,6,262,7],[263,0,263,11],[264,0,265,0],[264,1,265,1],[264,2,265,2],[264,3,265,3],[264,4,264,7],[264,8,264,11],[268,0,268,1],[268,2,268,7],[269,0,269,1],[269,2,269,7],[269,8,269,11],[270,0,270,7],[270,8,270,11],[271,0,274,0],[271,1,271,5],[272,1,272,5],[273,1,273,7],[274,1,274,7],[275,0,275,1],[275,2,275,3],[275,4,275,5],[275,6,275,7],[276,0,276,11],[277,0,278,0],[277,1,278,1],[277,2,278,2],[277,3,278,3],[277,4,277,7],[277,8,277,11],[281,0,281,1],[281,2,281,7],[282,0,282,1],[282,2,282,7],[282,8,282,11],[283,0,283,7],[283,8,283,11],[284,0,287,0],[284,1,284,5],[285,1,285,5],[286,1,286,7],[287,1,287,7]],"flags":["formulas_cached_only"]}
["综合单价分析表","","","","","","","","","","",""]
["工程名称：","四川警院校园维修项目【安装工程】","","","","","","标段：","","","",""]
["项目编码 ","","(1) 030404034015 ","","项目名称 ","","照明开关 ","","计量单位","个","工程量","15"]
["清单综合单价组成明细           ","","","","","","","","","","",""]
["定额编号","定额项目名称","定额\r\n单位","数量","单价   ","","","","合价   ","","",""]
["","","","","人工费","材料费","机械费","管理费\r\n和利润","人工费","材料费","机械费","管理费\r\n和利润"]
["CD0483","照明一般开关、按钮安装 一般按钮明装","10套",0.1,61.94,22.56," ",11.9,6.19,2.26," ",1.19]
[" "," "," "," "," "," "," "," "," "," "," "," "]
["人工单价 ","","小     计     ","","","","","",6.19,2.26," ",1.19]
[" 元/工日 ","","未计价材料费     ","","","","","","    ","","",""]
["清单项目综合单价       ","","","","","","","",9.64,"","",""]
["材\r\n料\r\n费\r\n明\r\n细","主要材料名称、规格、型号    ","","","","","单位","数量","单价\r\n（元）","合价\r\n（元）","暂估单价\r\n（元）","暂估合价\r\n（元）"]
["","成套按钮    ","","","","","套",1.02," "," "," "," "]
["","其他材料费      ","","","","","","","-","2.26","-"," "]
["","材料费小计      ","","","","","","","-","2.26","-"," "]
["项目编码 ","","(2) 030404035016 ","","项目名称 ","","插座 ","","计量单位","个","工程量","45"]
["清单综合单价组成明细           ","","","","","","","","","","",""]
["定额编号","定额项目名称","定额\r\n单位","数量","单价   ","","","","合价   ","","",""]
["","","","","人工费","材料费","机械费","管理费\r\n和利润","人工费","材料费","机械费","管理费\r\n和利润"]
["CD0493","一般插座安装 单相明插座15A 5孔","10套",0.1,82.09,27.14," ",15.76,8.21,2.71," ",1.58]
[" "," "," "," "," "," "," "," "," "," "," "," "]
["人工单价 ","","小     计     ","","","","","",8.21,2.71," ",1.58]
[" 元/工日 ","","未计价材料费     ","","","","","","    ","","",""]
["清单项目综合单价       ","","","","","","","",12.5,"","",""]
["材\r\n料\r\n费\r\n明\r\n细","主要材料名称、规格、型号    ","","","","","单位","数量","单价\r\n（元）","合价\r\n（元）","暂估单价\r\n（元）","暂估合价\r\n（元）"]
["","成套插座    ","","","","","套",1.02," "," "," "," "]
["","其他材料费      ","","","","","","","-","2.71","-"," "]
["","材料费小计      ","","","","","","","-","2.71","-"," "]
["项目编码 ","","(3) 030411006017 ","","项目名称 ","","接线盒 ","","计量单位","个","工程量","60"]
["清单综合单价组成明细           ","","","","","","","","","","",""]
["定额编号","定额项目名称","定额\r\n单位","数量","单价   ","","","","合价   ","","",""]
["","","","","人工费","材料费","机械费","管理费\r\n和利润","人工费","材料费","机械费","管理费\r\n和利润"]
["CD1916","明装普通接线盒","10个",0.1,59.7,7.77," ",11.47,5.97,0.78," ",1.15]
[" "," "," "," "," "," "," "," "," "," "," "," "]
["人工单价 ","","小     计     ","","","","","",5.97,0.78," ",1.15]
[" 元/工日 ","","未计价材料费     ","","","","","","    ","","",""]
["清单项目综合单价       ","","","","","","","",7.89,"","",""]
["材\r\n料\r\n费\r\n明\r\n细","主要材料名称、规格、型号    ","","","","","单位","数量","单价\r\n（元）","合价\r\n（元）","暂估单价\r\n（元）","暂估合价\r\n（元）"]
["","接线盒    ","","","","","个",1.02," "," "," "," "]
["","其他材料费      ","","","","","","","-","0.78","-"," "]
["","材料费小计      ","","","","","","","-","0.78","-"," "]
["项目编码 ","","(4) 030412001018 ","","项目名称 ","","普通灯具 ","","计量单位","套","工程量","15"]
["清单综合单价组成明细           ","","","","","","","","","","",""]
["定额编号","定额项目名称","定额\r\n单位","数量","单价   ","","","","合价   ","","",""]
["","","","","人工费","材料费","机械费","管理费\r\n和利润","人工费","材料费","机械费","管理费\r\n和利润"]
["CD1924","吸顶灯具安装 方型吸顶灯 矩形罩","10套",0.1,161.2,64.04," ",30.94,16.12,6.4," ",3.09]
[" "," "," "," "," "," "," "," "," "," "," "," "]
["人工单价 ","","小     计     ","","","","","",16.12,6.4," ",3.09]
[" 元/工日 ","","未计价材料费     ","","","","","","    ","","",""]
["清单项目综合单价       ","","","","","","","",25.62,"","",""]
["材\r\n料\r\n费\r\n明\r\n细","主要材料名称、规格、型号    ","","","","","单位","数量","单价\r\n（元）","合价\r\n（元）","暂估单价\r\n（元）","暂估合价\r\n（元）"]
["","成套灯具    ","","","","","套",1.01," "," "," "," "]
["","其他材料费      ","","","","","","","-","6.40","-"," "]
["","材料费小计      ","","","","","","","-","6.40","-"," "]
["项目编码 ","","(5) 030411004019 ","","项目名称 ","","照明配线 ","","计量单位","m","工程量","720"]
["清单综合单价组成明细           ","","","","","","","","","","",""]
["定额编号","定额项目名称","定额\r\n单位","数量","单价   ","","","","合价   ","","",""]
["","","","","人工费","材料费","机械费","管理费\r\n和利润","人工费","材料费","机械费","管理费\r\n和利润"]
["CD1731","管内穿线 照明线路 铜芯 导线截面 ≤2.5mm2","100m单线",0.01,74.63,14.64," ",14.33,0.75,0.15," ",0.14]
[" "," "," "," "," "," "," "," "," "," "," "," "]
["人工单价 ","","小     计     ","","","","","",0.75,0.15," ",0.14]
[" 元/工日 ","","未计价材料费     ","","","","","","    ","","",""]
["清单项目综合单价       ","","","","","","","",1.04,"","",""]
["材\r\n料\r\n费\r\n明\r\n细","主要材料名称、规格、型号    ","","","","","单位","数量","单价\r\n（元）","合价\r\n（元）","暂估单价\r\n（元）","暂估合价\r\n（元）"]
["","绝缘导线    ","","","","","m",1.16," "," "," "," "]
["","其他材料费      ","","","","","","","-","0.15","-"," "]
["","材料费小计      ","","","","","","","-","0.15","-"," "]
["项目编码 ","","(6) 030411001020 ","","项目名称 ","","照明配管 ","","计量单位","m","工程量","240"]
["清单综合单价组成明细           ","","","","","","","","","","",""]
["定额编号","定额项目名称","定额\r\n单位","数量","单价   ","","","","合价   ","","",""]
["","","","","人工费","材料费","机械费","管理费\r\n和利润","人工费","材料费","机械费","管理费\r\n和利润"]
["CD1416","电线管敷设 砖、混凝土结构暗配 电线管公称直径 ≤20mm","100m",0.01,440.33,74.01,33.62,93.28,4.4,0.74,0.34,0.93]
[" "," "," "," "," "," "," "," "," "," "," "," "]
["人工单价 ","","小     计     ","","","","","",4.4,0.74,0.34,0.93]
[" 元/工日 ","","未计价材料费     ","","","","","","    ","","",""]
["清单项目综合单价       ","","","","","","","",6.41,"","",""]
["材\r\n料\r\n费\r\n明\r\n细","主要材料名称、规格、型号    ","","","","","单位","数量","单价\r\n（元）","合价\r\n（元）","暂估单价\r\n（元）","暂估合价\r\n（元）"]
["","电线管    ","","","","","m",1.03," "," "," "," "]
["","其他材料费      ","","","","","","","-","0.74","-"," "]
["","材料费小计      ","","","","","","","-","0.74","-"," "]
["项目编码 ","","(7) 030411004021 ","","项目名称 ","","插座配线 ","","计量单位","m","工程量","540"]
["清单综合单价组成明细           ","","","","","","","","","","",""]
["定额编号","定额项目名称","定额\r\n单位","数量","单价   ","","","","合价   ","","",""]
["","","","","人工费","材料费","机械费","管理费\r\n和利润","人工费","材料费","机械费","管理费\r\n和利润"]
["CD1732","管内穿线 照明线路 铜芯 导线截面 ≤4.0mm2","100m单线",0.01,52.24,14.66," ",10.03,0.52,0.15," ",0.1]
[" "," "," "," "," "," "," "," "," "," "," "," "]
["人工单价 ","","小     计     ","","","","","",0.52,0.15," ",0.1]
[" 元/工日 ","","未计价材料费     ","","","","","","    ","","",""]
["清单项目综合单价       ","","","","","","","",0.77,"","",""]
["材\r\n料\r\n费\r\n明\r\n细","主要材料名称、规格、型号    ","","","","","单位","数量","单价\r\n（元）","合价\r\n（元）","暂估单价\r\n（元）","暂估合价\r\n（元）"]
["","绝缘导线    ","","","","","m",1.1," "," "," "," "]
["","其他材料费      ","","","","","","","-","0.15","-"," "]
["","材料费小计      ","","","","","","","-","0.15","-"," "]
["项目编码 ","","(8) 030411001022 ","","项目名称 ","","插座配管 ","","计量单位","m","工程量","180"]
["清单综合单价组成明细           ","","","","","","","","","","",""]
["定额编号","定额项目名称","定额\r\n单位","数量","单价   ","","","","合价   ","","",""]
["","","","","人工费","材料费","机械费","管理费\r\n和利润","人工费","材料费","机械费","管理费\r\n和利润"]
["CD1416","电线管敷设 砖、混凝土结构暗配 电线管公称直径 ≤20mm","100m",0.01,440.33,74.01,33.62,93.28,4.4,0.74,0.34,0.93]
[" "," "," "," "," "," "," "," "," "," "," "," "]
["人工单价 ","","小     计     ","","","","","",4.4,0.74,0.34,0.93]
[" 元/工日 ","","未计价材料费     ","","","","","","    ","","",""]
["清单项目综合单价       ","","","","","","","",6.41,"","",""]
["材\r\n料\r\n费\r\n明\r\n细","主要材料名称、规格、型号    ","","","","","单位","数量","单价\r\n（元）","合价\r\n（元）","暂估单价\r\n（元）","暂估合价\r\n（元）"]
["","电线管    ","","","","","m",1.03," "," "," "," "]
["","其他材料费      ","","","","","","","-","0.74","-"," "]
["","材料费小计      ","","","","","","","-","0.74","-"," "]
["项目编码 ","","(9) 030411004023 ","","项目名称 ","","风扇配线 ","","计量单位","m","工程量","315"]
["清单综合单价组成明细           ","","","","","","","","","","",""]
["定额编号","定额项目名称","定额\r\n单位","数量","单价   ","","","","合价   ","","",""]
["","","","","人工费","材料费","机械费","管理费\r\n和利润","人工费","材料费","机械费","管理费\r\n和利润"]
["CD1731","管内穿线 照明线路 铜芯 导线截面 ≤2.5mm2","100m单线",0.01,74.63,14.64," ",14.33,0.75,0.15," ",0.14]
[" "," "," "," "," "," "," "," "," "," "," "," "]
["人工单价 ","","小     计     ","","","","","",0.75,0.15," ",0.14]
[" 元/工日 ","","未计价材料费     ","","","","","","    ","","",""]
["清单项目综合单价       ","","","","","","","",1.04,"","",""]
["材\r\n料\r\n费\r\n明\r\n细","主要材料名称、规格、型号    ","","","","","单位","数量","单价\r\n（元）","合价\r\n（元）","暂估单价\r\n（元）","暂估合价\r\n（元）"]
["","绝缘导线    ","","","","","m",1.16," "," "," "," "]
["","其他材料费      ","","","","","","","-","0.15","-"," "]
["","材料费小计      ","","","","","","","-","0.15","-"," "]
["项目编码 ","","(10) 030411001024 ","","项目名称 ","","风扇配管 ","","计量单位","m","工程量","105"]
["清单综合单价组成明细           ","","","","","","","","","","",""]
["定额编号","定额项目名称","定额\r\n单位","数量","单价   ","","","","合价   ","","",""]
["","","","","人工费","材料费","机械费","管理费\r\n和利润","人工费","材料费","机械费","管理费\r\n和利润"]
["CD1416","电线管敷设 砖、混凝土结构暗配 电线管公称直径 ≤20mm","100m",0.01,440.33,74.01,33.62,93.28,4.4,0.74,0.34,0.93]
[" "," "," "," "," "," "," "," "," "," "," "," "]
["人工单价 ","","小     计     ","","","","","",4.4,0.74,0.34,0.93]
[" 元/工日 ","","未计价材料费     ","","","","","","    ","","",""]
["清单项目综合单价       ","","","","","","","",6.41,"","",""]
["材\r\n料\r\n费\r\n明\r\n细","主要材料名称、规格、型号    ","","","","","单位","数量","单价\r\n（元）","合价\r\n（元）","暂估单价\r\n（元）","暂估合价\r\n（元）"]
["","电线管    ","","","","","m",1.03," "," "," "," "]
["","其他材料费      ","","","","","","","-","0.74","-"," "]
["","材料费小计      ","","","","","","","-","0.74","-"," "]
["项目编码 ","","(11) 030404016011 ","","项目名称 ","","控制箱 ","","计量单位","台","工程量","2"]
["清单综合单价组成明细           ","","","","","","","","","","",""]
["定额编号","定额项目名称","定额\r\n单位","数量","单价   ","","","","合价   ","","",""]
["","","","","人工费","材料费","机械费","管理费\r\n和利润","人工费","材料费","机械费","管理费\r\n和利润"]
["CD0339","控制设备及低压电器安装 控制箱","台",1,156.72,23.23,34.76,39.13,156.72,23.23,34.76,39.13]
[" "," "," "," "," "," "," "," "," "," "," "," "]
["人工单价 ","","小     计     ","","","","","",156.72,23.23,34.76,39.13]
[" 元/工日 ","","未计价材料费     ","","","","","","    ","","",""]
["清单项目综合单价       ","","","","","","","",253.84,"","",""]
["材\r\n料\r\n费\r\n明\r\n细","主要材料名称、规格、型号    ","","","","","单位","数量","单价\r\n（元）","合价\r\n（元）","暂估单价\r\n（元）","暂估合价\r\n（元）"]
["","     ","","","",""," "," "," "," "," "," "]
["","其他材料费      ","","","","","","","-","23.23","-"," "]
["","材料费小计      ","","","","","","","-","23.23","-"," "]
["项目编码 ","","(12) 030411004004 ","","项目名称 ","","配线 ","","计量单位","m","工程量","1960"]
["清单综合单价组成明细           ","","","","","","","","","","",""]
["定额编号","定额项目名称","定额\r\n单位","数量","单价   ","","","","合价   ","","",""]
["","","","","人工费","材料费","机械费","管理费\r\n和利润","人工费","材料费","机械费","管理费\r\n和利润"]
["CD1732","管内穿线 照明线路 铜芯 导线截面 ≤4.0mm2","100m单线",0.01,52.24,14.66," ",10.03,0.52,0.15," ",0.1]
[" "," "," "," "," "," "," "," "," "," "," "," "]
["人工单价 ","","小     计     ","","","","","",0.52,0.15," ",0.1]
[" 元/工日 ","","未计价材料费     ","","","","","","    ","","",""]
["清单项目综合单价       ","","","","","","","",0.77,"","",""]
["材\r\n料\r\n费\r\n明\r\n细","主要材料名称、规格、型号    ","","","","","单位","数量","单价\r\n（元）","合价\r\n（元）","暂估单价\r\n（元）","暂估合价\r\n（元）"]
["","绝缘导线    ","","","","","m",1.1," "," "," "," "]
["","其他材料费      ","","","","","","","-","0.15","-"," "]
["","材料费小计      ","","","","","","","-","0.15","-"," "]
["项目编码 ","","(13) 030411001003 ","","项目名称 ","","配管 ","","计量单位","m","工程量","123"]
["清单综合单价组成明细           ","","","","","","","","","","",""]
["定额编号","定额项目名称","定额\r\n单位","数量","单价   ","","","","合价   ","","",""]
["","","","","人工费","材料费","机械费","管理费\r\n和利润","人工费","材料费","机械费","管理费\r\n和利润"]
["CD1416","电线管敷设 砖、混凝土结构暗配 电线管公称直径 ≤20mm","100m",0.01,440.33,74.01,33.62,93.28,4.4,0.74,0.34,0.93]
[" "," "," "," "," "," "," "," "," "," "," "," "]
["人工单价 ","","小     计     ","","","","","",4.4,0.74,0.34,0.93]
[" 元/工日 ","","未计价材料费     ","","","","","","    ","","",""]
["清单项目综合单价       ","","","","","","","",6.41,"","",""]
["材\r\n料\r\n费\r\n明\r\n细","主要材料名称、规格、型号    ","","","","","单位","数量","单价\r\n（元）","合价\r\n（元）","暂估单价\r\n（元）","暂估合价\r\n（元）"]
["","电线管    ","","","","","m",1.03," "," "," "," "]
["","其他材料费      ","","","","","","","-","0.74","-"," "]
["","材料费小计      ","","","","","","","-","0.74","-"," "]
["项目编码 ","","(14) 030404019025 ","","项目名称 ","","控制开关 ","","计量单位","个","工程量","3"]
["清单综合单价组成明细           ","","","","","","","","","","",""]
["定额编号","定额项目名称","定额\r\n单位","数量","单价   ","","","","合价   ","","",""]
["","","","","人工费","材料费","机械费","管理费\r\n和利润","人工费","材料费","机械费","管理费\r\n和利润"]
["CD0366","控制开关安装 微型空气开关 (卡插式)安装","个",1,70.15,1.68," ",13.47,70.15,1.68," ",13.47]
[" "," "," "," "," "," "," "," "," "," "," "," "]
["人工单价 ","","小     计     ","","","","","",70.15,1.68," ",13.47]
[" 元/工日 ","","未计价材料费     ","","","","","","    ","","",""]
["清单项目综合单价       ","","","","","","","",85.3,"","",""]
["材\r\n料\r\n费\r\n明\r\n细","主要材料名称、规格、型号    ","","","","","单位","数量","单价\r\n（元）","合价\r\n（元）","暂估单价\r\n（元）","暂估合价\r\n（元）"]
["","自动空气开关    ","","","","","个",1," "," "," "," "]
["","其他材料费      ","","","","","","","-","1.68","-"," "]
["","材料费小计      ","","","","","","","-","1.68","-"," "]
["项目编码 ","","(15) 030411006005 ","","项目名称 ","","接线盒 ","","计量单位","个","工程量","17"]
["清单综合单价组成明细           ","","","","","","","","","","",""]
["定额编号","定额项目名称","定额\r\n单位","数量","单价   ","","","","合价   ","","",""]
["","","","","人工费","材料费","机械费","管理费\r\n和利润","人工费","材料费","机械费","管理费\r\n和利润"]
["CD1916","明装普通接线盒","10个",0.1,59.7,7.77," ",11.47,5.97,0.78," ",1.15]
[" "," "," "," "," "," "," "," "," "," "," "," "]
["人工单价 ","","小     计     ","","","","","",5.97,0.78," ",1.15]
[" 元/工日 ","","未计价材料费     ","","","","","","    ","","",""]
["清单项目综合单价       ","","","","","","","",7.89,"","",""]
["材\r\n料\r\n费\r\n明\r\n细","主要材料名称、规格、型号    ","","","","","单位","数量","单价\r\n（元）","合价\r\n（元）","暂估单价\r\n（元）","暂估合价\r\n（元）"]
["","接线盒    ","","","","","个",1.02," "," "," "," "]
["","其他材料费      ","","","","","","","-","0.78","-"," "]
["","材料费小计      ","","","","","","","-","0.78","-"," "]
["项目编码 ","","(16) 030412001008 ","","项目名称 ","","LED节能灯 ","","计量单位","套","工程量","7"]
["清单综合单价组成明细           ","","","","","","","","","","",""]
["定额编号","定额项目名称","定额\r\n单位","数量","单价   ","","","","合价   ","","",""]
["","","","","人工费","材料费","机械费","管理费\r\n和利润","人工费","材料费","机械费","管理费\r\n和利润"]
["CD1938","其他普通灯具安装 节能座灯头","10套",0.1,103,22.68," ",19.77,10.3,2.27," ",1.98]
[" "," "," "," "," "," "," "," "," "," "," "," "]
["人工单价 ","","小     计     ","","","","","",10.3,2.27," ",1.98]
[" 元/工日 ","","未计价材料费     ","","","","","","    ","","",""]
["清单项目综合单价       ","","","","","","","",14.55,"","",""]
["材\r\n料\r\n费\r\n明\r\n细","主要材料名称、规格、型号    ","","","","","单位","数量","单价\r\n（元）","合价\r\n（元）","暂估单价\r\n（元）","暂估合价\r\n（元）"]
["","成套灯具    ","","","","","套",1.01," "," "," "," "]
["","其他材料费      ","","","","","","","-","2.27","-"," "]
["","材料费小计      ","","","","","","","-","2.27","-"," "]
["项目编码 ","","(17) 030404034009 ","","项目名称 ","","明装开关 ","","计量单位","个","工程量","7"]
["清单综合单价组成明细           ","","","","","","","","","","",""]
["定额编号","定额项目名称","定额\r\n单位","数量","单价   ","","","","合价   ","","",""]
["","","","","人工费","材料费","机械费","管理费\r\n和利润","人工费","材料费","机械费","管理费\r\n和利润"]
["CD0483","照明一般开关、按钮安装 一般按钮明装","10套",0.1,61.94,22.56," ",11.9,6.19,2.26," ",1.19]
[" "," "," "," "," "," "," "," "," "," "," "," "]
["人工单价 ","","小     计     ","","","","","",6.19,2.26," ",1.19]
[" 元/工日 ","","未计价材料费     ","","","","","","    ","","",""]
["清单项目综合单价       ","","","","","","","",9.64,"","",""]
["材\r\n料\r\n费\r\n明\r\n细","主要材料名称、规格、型号    ","","","","","单位","数量","单价\r\n（元）","合价\r\n（元）","暂估单价\r\n（元）","暂估合价\r\n（元）"]
["","成套按钮    ","","","","","套",1.02," "," "," "," "]
["","其他材料费      ","","","","","","","-","2.26","-"," "]
["","材料费小计      ","","","","","","","-","2.26","-"," "]
["项目编码 ","","(18) 030411004019 ","","项目名称 ","","配线 ","","计量单位","m","工程量","720"]
["清单综合单价组成明细           ","","","","","","","","","","",""]
["定额编号","定额项目名称","定额\r\n单位","数量","单价   ","","","","合价   ","","",""]
["","","","","人工费","材料费","机械费","管理费\r\n和利润","人工费","材料费","机械费","管理费\r\n和利润"]
["CD1731","管内穿线 照明线路 铜芯 导线截面 ≤2.5mm2","100m单线",0.01,74.63,14.64," ",14.33,0.75,0.15," ",0.14]
[" "," "," "," "," "," "," "," "," "," "," "," "]
["人工单价 ","","小     计     ","","","","","",0.75,0.15," ",0.14]
[" 元/工日 ","","未计价材料费     ","","","","","","    ","","",""]
["清单项目综合单价       ","","","","","","","",1.04,"","",""]
["材\r\n料\r\n费\r\n明\r\n细","主要材料名称、规格、型号    ","","","","","单位","数量","单价\r\n（元）","合价\r\n（元）","暂估单价\r\n（元）","暂估合价\r\n（元）"]
["","绝缘导线    ","","","","","m",1.16," "," "," "," "]
["","其他材料费      ","","","","","","","-","0.15","-"," "]
["","材料费小计      ","","","","","","","-","0.15","-"," "]
["项目编码 ","","(19) 030411001020 ","","项目名称 ","","配管 ","","计量单位","m","工程量","240"]
["清单综合单价组成明细           ","","","","","","","","","","",""]
["定额编号","定额项目名称","定额\r\n单位","数量","单价   ","","","","合价   ","","",""]
["","","","","人工费","材料费","机械费","管理费\r\n和利润","人工费","材料费","机械费","管理费\r\n和利润"]
["CD1410","电线管敷设 砖、混凝土结构明配 电线管公称直径 ≤20mm","100m",0.01,847.81,141.68,30.26,170.65,8.48,1.42,0.3,1.71]
[" "," "," "," "," "," "," "," "," "," "," "," "]
["人工单价 ","","小     计     ","","","","","",8.48,1.42,0.3,1.71]
[" 元/工日 ","","未计价材料费     ","","","","","","    ","","",""]
["清单项目综合单价       ","","","","","","","",11.9,"","",""]
["材\r\n料\r\n费\r\n明\r\n细","主要材料名称、规格、型号    ","","","","","单位","数量","单价\r\n（元）","合价\r\n（元）","暂估单价\r\n（元）","暂估合价\r\n（元）"]
["","电线管    ","","","","","m",1.03," "," "," "," "]
["","其他材料费      ","","","","","","","-","1.42","-"," "]
["","材料费小计      ","","","","","","","-","1.42","-"," "]
["项目编码 ","","(20) 030404035010 ","","项目名称 ","","插座 ","","计量单位","个","工程量","8"]
["清单综合单价组成明细           ","","","","","","","","","","",""]
["定额编号","定额项目名称","定额\r\n单位","数量","单价   ","","","","合价   ","","",""]
["","","","","人工费","材料费","机械费","管理费\r\n和利润","人工费","材料费","机械费","管理费\r\n和利润"]
["CD0508","一般插座安装 单相暗插座15A 5孔","10套",0.1,82.09,8.29," ",15.76,8.21,0.83," ",1.58]
[" "," "," "," "," "," "," "," "," "," "," "," "]
["人工单价 ","","小     计     ","","","","","",8.21,0.83," ",1.58]
[" 元/工日 ","","未计价材料费     ","","","","","","    ","","",""]
["清单项目综合单价       ","","","","","","","",10.61,"","",""]
["材\r\n料\r\n费\r\n明\r\n细","主要材料名称、规格、型号    ","","","","","单位","数量","单价\r\n（元）","合价\r\n（元）","暂估单价\r\n（元）","暂估合价\r\n（元）"]
["","成套插座    ","","","","","套",1.02," "," "," "," "]
["","其他材料费      ","","","","","","","-","0.83","-"," "]
["","材料费小计      ","","","","","","","-","0.83","-"," "]
["项目编码 ","","(21) 030412004013 ","","项目名称 ","","安全出口 ","","计量单位","套","工程量","4"]
["清单综合单价组成明细           ","","","","","","","","","","",""]
["定额编号","定额项目名称","定额\r\n单位","数量","单价   ","","","","合价   ","","",""]
["","","","","人工费","材料费","机械费","管理费\r\n和利润","人工费","材料费","机械费","管理费\r\n和利润"]
["CD2119","标志、诱导装饰灯具安装 嵌入式 (图号171、172、173、174)","10套",0.1,211.96,21.12," ",40.7,21.2,2.11," ",4.07]
[" "," "," "," "," "," "," "," "," "," "," "," "]
["人工单价 ","","小     计     ","","","","","",21.2,2.11," ",4.07]
[" 元/工日 ","","未计价材料费     ","","","","","","    ","","",""]
["清单项目综合单价       ","","","","","","","",27.38,"","",""]
["材\r\n料\r\n费\r\n明\r\n细","主要材料名称、规格、型号    ","","","","","单位","数量","单价\r\n（元）","合价\r\n（元）","暂估单价\r\n（元）","暂估合价\r\n（元）"]
["","成套灯具    ","","","","","套",1.01," "," "," "," "]
["","其他材料费      ","","","","","","","-","2.11","-"," "]
["","材料费小计      ","","","","","","","-","2.11","-"," "]
["项目编码 ","","(22) 030412001014 ","","项目名称 ","","应急灯 ","","计量单位","套","工程量","4"]
["清单综合单价组成明细           ","","","","","","","","","","",""]
["定额编号","定额项目名称","定额\r\n单位","数量","单价   ","","","","合价   ","","",""]
["","","","","人工费","材料费","机械费","管理费\r\n和利润","人工费","材料费","机械费","管理费\r\n和利润"]
["CD1940","其他普通灯具安装 应急灯","10套",0.1,223.89,35.93," ",42.99,22.39,3.59," ",4.3]
[" "," "," "," "," "," "," "," "," "," "," "," "]
["人工单价 ","","小     计     ","","","","","",22.39,3.59," ",4.3]
[" 元/工日 ","","未计价材料费     ","","","","","","    ","","",""]
["清单项目综合单价       ","","","","","","","",30.28,"","",""]
["材\r\n料\r\n费\r\n明\r\n细","主要材料名称、规格、型号    ","","","","","单位","数量","单价\r\n（元）","合价\r\n（元）","暂估单价\r\n（元）","暂估合价\r\n（元）"]
["","成套灯具    ","","","","","套",1.01," "," "," "," "]
["","其他材料费      ","","","","","","","-","3.59","-"," "]
["","材料费小计      ","","","","","","","-","3.59","-"," "]

{"sheet":"F.2.2 措施项目清单综合单价分析表(分页)(表-09-~1","index":20,"n_rows":15,"n_cols":14,"rows_kept":15,"merged":[[0,0,0,13],[1,1,1,7],[1,8,1,9],[1,10,1,13],[2,0,2,2],[2,3,2,4],[2,5,2,6],[2,7,2,8],[2,9,2,10],[3,0,3,13],[4,0,5,1],[4,2,5,2],[4,3,5,3],[4,4,5,4],[4,5,4,8],[4,9,4,13],[5,9,5,10],[6,0,6,1],[6,9,6,10],[7,0,7,1],[7,9,7,10],[8,0,8,2],[8,3,8,8],[8,9,8,10],[9,0,9,2],[9,3,9,8],[9,9,9,10],[9,12,9,13],[10,0,10,8],[10,9,10,10],[10,12,10,13],[11,0,14,1],[11,2,11,6],[11,9,11,10],[12,2,12,6],[12,9,12,10],[13,2,13,6],[13,9,13,10],[14,2,14,6],[14,9,14,10]],"flags":["formulas_cached_only"]}
["综合单价分析表","","","","","","","","","","","","",""]
["工程名称：","四川警院校园维修项目【安装工程】","","","","","","","标段：","","","","",""]
["项目编码 ","","","  ","","项目名称 ","","  ","","计量单位",""," ","工程量"," "]
["清单综合单价组成明细           ","","","","","","","","","","","","",""]
["定额编号","","定额项目名称","定额\r\n单位","数量","单价   ","","","","合价   ","","","",""]
["","","","","","人工费","材料费","机械费","管理费\r\n和利润","人工费","","材料费","机械费","管理费\r\n和利润"]
[" ",""," "," "," "," "," "," "," "," ",""," "," "," "]
[" ",""," "," "," "," "," "," "," "," ",""," "," "," "]
["人工单价 ","","","小     计     ","","","","",""," ",""," "," "," "]
[" 元/工日 ","","","未计价材料费     ","","","","",""," ",""," ","  ",""]
["清单项目综合单价       ","","","","","","","",""," ",""," ","  ",""]
["材\r\n料\r\n费\r\n明\r\n细","","主要材料名称、规格、型号    ","","","","","单位","数量","单价\r\n（元）","","合价\r\n（元）","暂估单价\r\n（元）","暂估合价\r\n（元）"]
["","","     ","","","",""," "," "," ",""," "," "," "]
["","","其他材料费    ","","","",""," "," "," ",""," "," "," "]
["","","材料费小计    ","","","",""," "," "," ",""," "," "," "]

{"sheet":"F.4 总价措施项目清单计价表(表-11)【学院食堂职工宿~1","index":21,"n_rows":9,"n_cols":12,"rows_kept":9,"merged":[[0,0,0,11],[1,0,1,1],[1,2,1,5],[1,6,1,7],[1,8,1,11],[2,1,2,2],[2,3,2,4],[2,8,2,9],[3,1,3,2],[3,3,3,4],[3,8,3,9],[4,1,4,2],[4,3,4,4],[4,8,4,9],[5,1,5,2],[5,3,5,4],[5,8,5,9],[6,1,6,2],[6,3,6,4],[6,8,6,9],[7,1,7,2],[7,3,7,4],[7,8,7,9],[8,0,8,6],[8,8,8,9]],"flags":["formulas_cached_only"]}
["总价措施项目清单计价表","","","","","","","","","","",""]
["工程名称：","","四川警院校园维修项目【安装工程】","","","","标段：","","","","",""]
["序 号","项目编码","","项目名称","","计算基础","费率\r\n（%）","金额\r\n（元）","调整费率\r\n(%)","","调整后\r\n金额(元)","备注"]
["1","031302001001","","安全文明施工",""," "," ",1048.23,"","",""," "]
["1.1","①","","环境保护","","分部分项定额人工费+单价措施定额人工费","0.4",30.38,"","",""," "]
["1.2","②","","文明施工","","分部分项定额人工费+单价措施定额人工费","2.48",188.38,"","",""," "]
["1.3","③","","安全施工","","分部分项定额人工费+单价措施定额人工费","4.1",311.43,"","",""," "]
["1.4","④","","临时设施","","分部分项定额人工费+单价措施定额人工费","6.82",518.04,"","",""," "]
["合　　计","","","","","","",1048.23,"-","","-","-"]

{"sheet":"G.1 其他项目清单计价汇总表(表-12)【学院食堂职工宿~1","index":22,"n_rows":10,"n_cols":6,"rows_kept":10,"merged":[[0,0,0,5],[1,2,1,4],[2,4,2,5],[3,4,3,5],[4,4,4,5],[5,4,5,5],[6,4,6,5],[7,4,7,5],[8,4,8,5],[9,0,9,1],[9,4,9,5]],"flags":["formulas_cached_only"]}
["其他项目清单与计价汇总表","","","","",""]
["工程名称：","四川警院校园维修项目【安装工程】","标段：","","",""]
["序号","项 目 名 称","金额（元）","结算金额(元)","备注",""]
["1","暂列金额",5000,"","明细详见表-12-1",""]
["2","暂估价"," ",""," ",""]
["2.1","材料(工程设备)暂估价/结算价","-","","明细详见表-12-2",""]
["2.2","专业工程暂估价/结算价"," ","","明细详见表-12-3",""]
["3","计日工",1440,"","明细详见表-12-4",""]
["4","总承包服务费"," ","","明细详见表-12-5",""]
["合　　计","",6440,"","-",""]

{"sheet":"G.2 暂列金额明细表(表-12-1)【学院食堂职工宿舍维~1","index":23,"n_rows":5,"n_cols":5,"rows_kept":5,"merged":[[0,0,0,4],[1,2,1,3],[4,0,4,2]],"flags":["formulas_cached_only"]}
["暂列金额明细表","","","",""]
["工程名称：","四川警院校园维修项目【安装工程】","标段：","",""]
["序号","项目名称","计量单位","暂定金额(元)","备注"]
["1","暂列金额","项",5000," "]
["合　　计","","","5000.00","-"]

{"sheet":"G.5 计日工表(表-12-4)【学院食堂职工宿舍维修改造~1","index":24,"n_rows":14,"n_cols":9,"rows_kept":14,"merged":[[0,0,0,8],[1,1,1,3],[1,4,1,6],[1,7,1,8],[2,0,3,0],[2,1,3,1],[2,2,3,2],[2,3,3,4],[2,5,3,5],[2,6,3,6],[2,7,2,8],[4,3,4,4],[5,3,5,4],[6,3,6,4],[7,0,7,5],[8,3,8,4],[9,0,9,5],[10,3,10,4],[11,0,11,5],[12,0,12,6],[13,0,13,6]],"flags":["formulas_cached_only"]}
["计 日 工 表","","","","","","","",""]
["工程名称：","四川警院校园维修项目【安装工程】","","","标段：","","","",""]
["编号","项目名称","单位","暂定数量","","实际数量","综合单价（元）","合价（元）",""]
["","","","","","","","暂定","实际"]
["一","人工"," "," ","",""," "," ",""]
["7","通用安装技工","工日",5,"","",120,600,""]
["8","通用安装普工","工日",5,"","",120,600,""]
["人工小计   ","","","","",""," ",1200,""]
["二","材料"," "," ","",""," "," ",""]
["材料小计   ","","","","",""," "," ",""]
["三","施工机械"," "," ","",""," "," ",""]
["施工机械小计   ","","","","",""," "," ",""]
["   四、综合费    ","","","","","","",240,""]
["总  计","","","","","","",1440,""]

{"sheet":"H 规费、税金项目清单计价表(表-13)【学院食堂职工宿舍~1","index":25,"n_rows":14,"n_cols":6,"rows_kept":14,"merged":[[0,0,0,5],[1,1,1,2],[1,3,1,4],[13,0,13,4]],"flags":["formulas_cached_only"]}
["规费、税金项目计价表","","","","",""]
["工程名称：","四川警院校园维修项目【安装工程】","","标段：","",""]
["序号","项目名称","计算基础","计算基数","计算费率（％）","金额(元)"]
["1","规费","分部分项清单定额人工费+单价措施项目清单定额人工费"," "," ","1139.38"]
["1.1","社会保险费","分部分项清单定额人工费+单价措施项目清单定额人工费"," "," ","888.72"]
["(1)","养老保险费","分部分项清单定额人工费+单价措施项目清单定额人工费",7595.85,"7.5","569.69"]
["(2)","失业保险费","分部分项清单定额人工费+单价措施项目清单定额人工费",7595.85,"0.6","45.58"]
["(3)","医疗保险费","分部分项清单定额人工费+单价措施项目清单定额人工费",7595.85,"2.7","205.09"]
["(4)","工伤保险费","分部分项清单定额人工费+单价措施项目清单定额人工费",7595.85,"0.7","53.17"]
["(5)","生育保险费","分部分项清单定额人工费+单价措施项目清单定额人工费",7595.85,"0.2","15.19"]
["1.2","住房公积金","分部分项清单定额人工费+单价措施项目清单定额人工费",7595.85,"3.3","250.66"]
["1.3","工程排污费","按工程所在地环境保护部门收取标准，按实计入"," "," "," "]
["2","销项增值税额","分部分项工程费+措施项目费+其他项目费+规费+创优质工程奖补偿奖励费-按规定不计税的工程设备金额-甲供材料（设备）设备费",22334.85,"11","2456.83"]
["合计","","","","",3596.21]

{"sheet":"L.1 发包人提供主要材料和工程设备一览表(表-20)【学~1","index":26,"n_rows":4,"n_cols":8,"rows_kept":4,"merged":[[0,0,0,7],[1,1,1,3],[1,4,1,6]],"flags":["formulas_cached_only"]}
["发包人提供主要材料和工程设备一览表","","","","","","",""]
["工程名称：","四川警院校园维修项目【安装工程】","","","标段：","","",""]
["序号","材料(工程设备)名称、规格、型号","单位","数量","  单价(元)","  交货方式","  送达地点","备注"]
[" "," "," "," "," "," "," "," "]

{"sheet":"L.2 承包人提供主要材料和工程设备一览表(表-21)【学~1","index":27,"n_rows":10,"n_cols":10,"rows_kept":10,"merged":[[0,0,0,9],[1,1,1,4],[1,5,1,7],[1,8,1,9],[2,4,2,5],[3,4,3,5],[4,4,4,5],[5,4,5,5],[6,4,6,5],[7,4,7,5],[8,4,8,5],[9,4,9,5]],"flags":["formulas_cached_only"]}
[" 承包人提供主要材料和工程设备一览表\r\n（适用造价信息差额调整法）","","","","","","","","",""]
["工程名称：","四川警院校园维修项目【安装工程】","","","","标段：","","","",""]
["序号","名称、规格、型号","单位","数量","风险系数(%)","","基准单价(元)","投标单价(元)","发承包人确认单价(元)","备注"]
["1","成套按钮","套",22.44," ",""," ","",""," "]
["2","成套插座","套",54.06," ",""," ","",""," "]
["3","接线盒","个",78.54," ",""," ","",""," "]
["4","成套灯具","套",30.3," ",""," ","",""," "]
["5","绝缘导线","m",4785.8," ",""," ","",""," "]
["6","电线管","m",914.64," ",""," ","",""," "]
["7","自动空气开关","个",3," ",""," ","",""," "]

{"sheet":"L.3 承包人提供主要材料和工程设备一览表(表-22)【学~1","index":28,"n_rows":12,"n_cols":6,"rows_kept":12,"merged":[[0,0,0,5],[1,1,1,2],[1,4,1,5],[11,0,11,1]],"flags":["formulas_cached_only"]}
[" 承包人提供主要材料和工程设备一览表\r\n（适用于价格指数差额调整法）","","","","",""]
["工程名称：","四川警院校园维修项目【安装工程】","","标段：","",""]
["序号","名称、规格、型号","变值权重B","基本价格指数F0","现行价格指数Ft","备注"]
["1","成套按钮",""," "," "," "]
["2","成套插座",""," "," "," "]
["3","接线盒",""," "," "," "]
["4","成套灯具",""," "," "," "]
["5","绝缘导线",""," "," "," "]
["6","电线管",""," "," "," "]
["7","自动空气开关",""," "," "," "]
["","定值权重 A","1","","",""]
["合   计","","1","","",""]